Combien de ville de Grand-Est connais-tu ? - Statistiques

Statistiques générales
  • Ce quiz a été pris 57 fois
  • Le résultat moyen est 73 sur 5119
Statistiques - réponses
Population Département Ville % Correct
293538 67 Strasbourg
97%
109285 68 Mulhouse
90%
122036 57 Metz
83%
105885 54 Nancy
83%
69398 68 Colmar
76%
183287 51 Reims
66%
42117 57 Thionville
62%
15135 55 Bar-le-Duc
55%
47433 8 Charleville-Mézières
55%
63708 10 Troyes
55%
263 51 Charleville
52%
33217 88 Épinal
52%
51 88 Le Mont
52%
17846 55 Verdun
48%
432 51 Selles
45%
45481 51 Châlons-en-Champagne
41%
22836 51 Épernay
41%
23566 52 Saint-Dizier
41%
22966 52 Chaumont
38%
36009 67 Haguenau
38%
16730 8 Sedan
38%
19530 67 Sélestat
38%
21797 57 Forbach
34%
7739 8 Rethel
34%
19936 88 Saint-Dié-des-Vosges
34%
23122 68 Saint-Louis
34%
660 57 Saint-Louis
34%
34206 67 Schiltigheim
34%
18160 54 Lunéville
31%
14550 54 Pont-à-Mousson
31%
21017 57 Sarreguemines
31%
30039 54 Vandœuvre-lès-Nancy
31%
4968 10 Bar-sur-Aube
28%
27671 67 Illkirch-Graffenstaden
28%
160 54 Montigny
28%
16107 54 Toul
28%
7709 67 Wissembourg
28%
5787 68 Altkirch
24%
926 54 Maizières
24%
188 52 Maizières
24%
22135 57 Montigny-lès-Metz
24%
3628 52 Nogent
24%
12582 57 Sarrebourg
24%
11602 67 Saverne
24%
7932 68 Thann
24%
1818 67 Villé
24%
11678 51 Vitry-le-François
24%
296 51 Vouzy
24%
19943 67 Lingolsheim
21%
15357 54 Longwy
21%
9478 67 Molsheim
21%
6062 10 Nogent-sur-Seine
21%
12471 67 Obernai
21%
14649 57 Woippy
21%
5056 57 Bitche
17%
581 88 Brû
17%
11769 68 Cernay
17%
5578 55 Commercy
17%
9037 54 Essey-lès-Nancy
17%
8442 88 Gérardmer
17%
6487 8 Givet
17%
269 54 Lachapelle
17%
169 8 La Chapelle
17%
12411 10 La Chapelle-Saint-Luc
17%
8081 52 Langres
17%
14631 54 Laxou
17%
11892 57 Maizières-lès-Metz
17%
82 8 Sainte-Marie
17%
4881 51 Sézanne
17%
4305 8 Vouziers
17%
10739 57 Amnéville
14%
17735 67 Bischheim
14%
162 52 Bourg
14%
56 8 Champigneulle
14%
2542 57 Château-Salins
14%
9923 54 Dombasle-sur-Meurthe
14%
10850 67 Erstein
14%
6610 54 Frouard
14%
16186 57 Hayange
14%
9620 54 Jarville-la-Malgrange
14%
13391 68 Kingersheim
14%
4794 68 Munster
14%
236 57 Munster
14%
14959 10 Romilly-sur-Seine
14%
15494 57 Saint-Avold
14%
54 8 Sy
14%
10500 68 Wittelsheim
14%
15166 68 Wittenheim
14%
2845 10 Arcis-sur-Aube
10%
4221 54 Baccarat
10%
3128 10 Bar-sur-Seine
10%
1548 54 Bayon
10%
6635 57 Behren-lès-Forbach
10%
356 67 Berg
10%
4669 54 Blénod-lès-Pont-à-Mousson
10%
1029 57 Bliesbruck
10%
5635 57 Boulay-Moselle
10%
2779 10 Brienne-le-Château
10%
3326 68 Buhl
10%
512 67 Buhl
10%
4677 88 Charmes
10%
151 52 Charmes
10%
1164 57 Delme
10%
4750 54 Dieulouard
10%
1175 54 Domgermain
10%
1986 54 Dommartin-lès-Toul
10%
2960 51 Dormans
10%
2256 57 Ennery
10%
7545 68 Ensisheim
10%
2648 54 Foug
10%
358 88 Grand
10%
1374 68 Hombourg
10%
7379 68 Huningue
10%
14585 68 Illzach
10%
3070 52 Joinville
10%
5721 68 Kembs
10%
1049 57 La Maxe
10%
102 57 Ley
10%
5819 54 Liverdun
10%
6219 54 Ludres
10%
8330 54 Malzéville
10%
310 57 Mey
10%
5079 57 Moulins-lès-Metz
10%
542 54 Moyen
10%
8010 88 Remiremont
10%
5947 8 Revin
10%
12562 68 Riedisheim
10%
14245 68 Rixheim
10%
12880 10 Saint-André-les-Vergers
10%
4277 51 Sainte-Menehould
10%
203 57 Saint-Georges
10%
2353 10 Saint-Germain
10%
160 54 Saint-Germain
10%
104 88 Saint-Julien
10%
365 67 Saint-Martin
10%
57 54 Saint-Martin
10%
10139 54 Saint-Max
10%
5523 51 Saint-Memmie
10%
7452 54 Saint-Nicolas-de-Port
10%
627 67 Saint-Pierre
10%
317 51 Saint-Pierre
10%
1177 57 Solgne
10%
10591 51 Tinqueux
10%
9224 54 Tomblaine
10%
6988 57 Uckange
10%
185 57 Viller
10%
210 8 Villy
10%
1437 57 Abreschviller
7%
1678 8 Aiglemont
7%
461 67 Albé
7%
2110 57 Amanvillers
7%
1292 57 Angevillers
7%
947 57 Ars-Laquenexy
7%
4743 57 Ars-sur-Moselle
7%
554 57 Arzviller
7%
1149 68 Aspach
7%
36 57 Aspach
7%
2399 57 Aumetz
7%
594 57 Avricourt
7%
392 54 Avricourt
7%
4149 68 Bartenheim
7%
393 51 Baye
7%
1503 54 Belleville
7%
1173 57 Béning-lès-Saint-Avold
7%
12759 67 Bischwiller
7%
1048 54 Blénod-lès-Toul
7%
4898 68 Blotzheim
7%
1859 52 Bologne
7%
3814 67 Bouxwiller
7%
444 68 Bouxwiller
7%
2989 10 Bréviandes
7%
10165 67 Brumath
7%
3069 88 Bruyères
7%
2653 57 Cattenom
7%
987 68 Chalampé
7%
2461 52 Chalindrey
7%
1029 10 Chaource
7%
335 54 Charmes-la-Côte
7%
2105 57 Châtel-Saint-Germain
7%
4293 67 Châtenois
7%
1745 88 Châtenois
7%
1484 55 Clermont-en-Argonne
7%
823 57 Coin-lès-Cuvry
7%
709 52 Colombey les Deux Églises
7%
3315 88 Contrexéville
7%
6537 51 Cormontreuil
7%
92 54 Courcelles
7%
3286 57 Courcelles-Chaussy
7%
1181 57 Courcelles-sur-Nied
7%
918 57 Cuvry
7%
2430 57 Dabo
7%
2628 67 Dettwiller
7%
3004 57 Dieuze
7%
1124 88 Dompaire
7%
90 88 Domrémy-la-Pucelle
7%
7208 67 Eckbolsheim
7%
4512 54 Écrouves
7%
1763 68 Eguisheim
7%
1134 10 Ervy-le-Châtel
7%
1867 10 Estissac
7%
2617 88 Étival-Clairefontaine
7%
4976 51 Fagnières
7%
607 54 Favières
7%
683 57 Fénétrange
7%
2328 68 Fessenheim
7%
740 57 Féy
7%
179 51 Flavigny
7%
98 8 Fléville
7%
2226 54 Fléville-devant-Nancy
7%
12040 57 Florange
7%
670 55 Fresnes-en-Woëvre
7%
12952 57 Freyming-Merlebach
7%
173 57 Fribourg
7%
663 68 Friesen
7%
7682 67 Geispolsheim
7%
548 51 Germaine
7%
277 8 Givry
7%
9001 88 Golbey
7%
508 57 Gondrexange
7%
1164 57 Gorze
7%
277 54 Gye
7%
5142 68 Habsheim
7%
358 57 Hagen
7%
9437 57 Hagondange
7%
324 57 Haselbourg
7%
190 57 Hattigny
7%
3435 68 Hégenheim
7%
580 57 Hesse
7%
7921 57 Hettange-Grande
7%
6330 57 Hombourg-Haut
7%
1844 57 Illange
7%
8369 54 Jarny
7%
712 88 La Baffe
7%
4289 88 La Bresse
7%
190 57 Lagarde
7%
807 8 La Grandville
7%
865 88 Lamarche
7%
134 8 La Moncelle
7%
6657 54 Laneuveville-devant-Nancy
7%
589 57 Langatte
7%
626 67 La Petite-Pierre
7%
1281 57 Laquenexy
7%
4672 57 Le Ban-Saint-Martin
7%
59 51 Le Chemin
7%
78 51 Le Fresne
7%
843 88 Lépanges-sur-Vologne
7%
3311 10 Les Noës-près-Troyes
7%
1230 10 Les Riceys
7%
208 57 Lesse
7%
4038 55 Ligny-en-Barrois
7%
1812 57 Lorry-lès-Metz
7%
2282 10 Lusigny-sur-Barse
7%
291 68 Lutter
7%
6339 68 Lutterbach
7%
575 57 Lutzelbourg
7%
3008 57 Manom
7%
6502 57 Marange-Silvange
7%
4276 67 Marckolsheim
7%
67 88 Marey
7%
9931 54 Maxéville
7%
5292 88 Mirecourt
7%
599 57 Mittersheim
7%
2268 8 Monthermé
7%
413 54 Mont-le-Vignoble
7%
634 51 Montmort-Lucy
7%
9130 54 Mont-Saint-Martin
7%
89 8 Mont-Saint-Martin
7%
3475 57 Morhange
7%
175 88 Mortagne
7%
5213 51 Mourmelon-le-Grand
7%
345 57 Moyenvic
7%
4981 67 Mundolsheim
7%
6925 88 Neufchâteau
7%
6684 54 Neuves-Maisons
7%
4438 67 Niederbronn-les-Bains
7%
979 68 Niffer
7%
303 10 Nogent-sur-Aube
7%
1161 54 Nomeny
7%
219 88 Norroy
7%
337 57 Oberstinzel
7%
2018 68 Ottmarsheim
7%
1022 55 Pagny-sur-Meuse
7%
4109 54 Pagny-sur-Moselle
7%
1953 57 Peltre
7%
4939 57 Phalsbourg
7%
2088 57 Plappeville
7%
635 52 Poissons
7%
5237 10 Pont-Sainte-Marie
7%
813 68 Ranspach
7%
6247 88 Raon-l'Étape
7%
2413 57 Réding
7%
129 57 Rhodes
7%
189 57 Riche
7%
2295 8 Rocroi
7%
9955 57 Rombas
7%
101 57 Roppeviller
7%
2420 68 Rosenau
7%
4416 68 Rouffach
7%
1363 57 Rozérieulles
7%
3431 51 Saint-Brice-Courcelles
7%
779 57 Sainte-Barbe
7%
273 88 Sainte-Barbe
7%
3091 68 Sainte-Croix-en-Plaine
7%
4522 57 Sainte-Marie-aux-Chênes
7%
5182 68 Sainte-Marie-aux-Mines
7%
10847 10 Sainte-Savine
7%
1236 8 Saint-Laurent
7%
2951 10 Saint-Lyé
7%
4070 55 Saint-Mihiel
7%
3227 10 Saint-Parres-aux-Tertres
7%
754 57 Saint-Quirin
7%
4540 57 Sarralbe
7%
786 57 Sarraltroff
7%
2836 67 Sarre-Union
7%
5611 68 Sausheim
7%
2717 57 Scy-Chazelles
7%
571 8 Sécheval
7%
207 57 Secourt
7%
1030 57 Semécourt
7%
329 55 Senon
7%
4057 68 Sierentz
7%
11174 57 Stiring-Wendel
7%
99 57 Suisse
7%
8799 88 Thaon-les-Vosges
7%
8269 54 Val de Briey
7%
827 57 Vantoux
7%
155 51 Vatry
7%
842 57 Vaux
7%
1376 57 Vic-sur-Seille
7%
4581 68 Village-Neuf
7%
10206 54 Villerupt
7%
4943 88 Vittel
7%
1737 68 Wattwiller
7%
4226 67 Wolfisheim
7%
17580 57 Yutz
7%
233 54 Abbéville-lès-Conflans
3%
398 67 Adamswiller
3%
452 54 Agincourt
3%
535 54 Aingeray
3%
3576 10 Aix-Villemaur-Pâlis
3%
105 57 Ajoncourt
3%
637 57 Albestroff
3%
6157 57 Algrange
3%
2558 57 Alsting
3%
1421 67 Altorf
3%
390 67 Altwiller
3%
359 54 Amance
3%
262 10 Amance
3%
134 57 Amelécourt
3%
2265 68 Andolsheim
3%
822 51 Anglure
3%
188 57 Antilly
3%
736 52 Arc-en-Barrois
3%
1376 57 Argancy
3%
565 57 Arry
3%
1828 54 Art-sur-Meurthe
3%
1012 68 Attenschwiller
3%
1133 8 Attigny
3%
212 88 Attigny
3%
103 57 Attilloncourt
3%
891 54 Atton
3%
2688 54 Auboué
3%
2512 54 Audun-le-Roman
3%
7172 57 Audun-le-Tiche
3%
2193 57 Augny
3%
174 88 Aulnois
3%
148 55 Avioth
3%
799 67 Avolsheim
3%
1536 57 Ay-sur-Moselle
3%
278 55 Baâlon
3%
769 57 Baerenthal
3%
1044 8 Bairon et ses environs
3%
1661 8 Balan
3%
684 67 Balbronn
3%
1211 67 Baldenheim
3%
269 8 Ballay
3%
1058 57 Bambiderstroff
3%
1637 68 Bantzenheim
3%
1597 10 Barberey-Saint-Sulpice
3%
113 57 Barchain
3%
131 8 Bar-lès-Buzancy
3%
374 57 Baronville
3%
2265 57 Basse-Ham
3%
756 10 Bayel
3%
2587 8 Bazeilles
3%
195 57 Bébing
3%
610 57 Béchy
3%
1010 51 Beine-Nauroy
3%
237 57 Belles-Forêts
3%
170 67 Belmont
3%
55 52 Belmont
3%
307 88 Belmont-sur-Buttant
3%
529 57 Bénestroff
3%
5914 67 Benfeld
3%
352 68 Berentzwiller
3%
119 10 Bergères
3%
2120 68 Bergheim
3%
224 57 Bérig-Vintrange
3%
264 57 Berling
3%
1496 67 Bernardswiller
3%
210 67 Bernardvillé
3%
614 67 Bernolsheim
3%
173 10 Bernon
3%
473 67 Berstheim
3%
516 57 Berthelming
3%
2868 57 Bertrange
3%
1105 54 Bertrichamps
3%
7257 51 Bétheny
3%
385 57 Bettborn
3%
631 57 Bettelainville
3%
325 68 Bettlach
3%
297 57 Beux
3%
528 57 Beyren-lès-Sierck
3%
3591 51 Bezannes
3%
83 57 Bickenholtz
3%
133 57 Bidestroff
3%
1217 57 Bining
3%
256 67 Bischholtz
3%
3397 67 Bischoffsheim
3%
317 57 Bistroff
3%
474 67 Bitschhoffen
3%
2039 68 Bitschwiller-lès-Thann
3%
1323 67 Blaesheim
3%
3991 54 Blainville-sur-l'Eau
3%
112 57 Blanche-Église
3%
624 57 Blies-Ébersing
3%
662 57 Blies-Guersviller
3%
5082 8 Bogny-sur-Meuse
3%
558 67 Bolsenheim
3%
1401 67 Boofzheim
3%
791 67 Bootzheim
3%
1125 10 Bouilly
3%
227 51 Bouilly
3%
2516 57 Boulange
3%
2488 55 Bouligny
3%
991 8 Boulzicourt
3%
2024 52 Bourbonne-les-Bains
3%
249 57 Bourgaltroff
3%
638 67 Bourgheim
3%
804 52 Bourmont-entre-Meuse-et-Mouzon
3%
181 57 Bourscheid
3%
1251 57 Bousbach
3%
3258 57 Bousse
3%
1183 57 Boust
3%
126 8 Bouvellemont
3%
4001 57 Bouzonville
3%
181 52 Briaucourt
3%
521 57 Bronvaux
3%
83 57 Brouck
3%
435 88 Brouvelieures
3%
129 54 Brouville
3%
94 57 Buchy
3%
596 57 Buding
3%
171 57 Budling
3%
1640 88 Bulgnéville
3%
281 67 Burbach
3%
85 55 Bure
3%
121 57 Burlioncourt
3%
1083 68 Buschwiller
3%
1361 88 Bussang
3%
481 67 Bust
3%
2172 68 Carspach
3%
666 52 Ceffonds
3%
184 8 Chagny
3%
331 57 Chambrey
3%
512 10 Chamoy
3%
1544 54 Champenoux
3%
586 51 Champfleury
3%
101 10 Champfleury
3%
6693 54 Champigneulles
3%
27 10 Champ-sur-Barse
3%
2187 54 Chanteheux
3%
757 57 Charly-Oradour
3%
241 51 Charmont
3%
1040 10 Charmont-sous-Barbuise
3%
1339 8 Château-Porcien
3%
1592 52 Châteauvillain
3%
93 57 Château-Voué
3%
645 51 Châtillon-sur-Marne
3%
708 10 Châtres
3%
604 10 Chavanges
3%
1386 88 Chavelot
3%
821 57 Cheminot
3%
85 57 Chenois
3%
581 57 Chesny
3%
1330 52 Chevillon
3%
432 57 Chieulles
3%
771 8 Chooz
3%
1057 51 Chouilly
3%
1625 54 Cirey-sur-Vezouze
3%
353 8 Clavy-Warby
3%
658 67 Cleebourg
3%
167 52 Clefmont
3%
1158 10 Clérey
3%
448 67 Climbach
3%
416 8 Cliron
3%
3401 57 Clouange
3%
3396 57 Cocheren
3%
121 54 Coincourt
3%
330 57 Coincy
3%
351 57 Coin-sur-Seille
3%
1463 54 Colombey-les-Belles
3%
1400 51 Compertrix
3%
701 57 Condé-Northen
3%
2410 54 Conflans-en-Jarnisy
3%
268 51 Congy
3%
528 54 Cons-la-Grandville
3%
149 57 Conthil
3%
522 57 Contz-les-Bains
3%
153 51 Coole
3%
1512 88 Corcieux
3%
62 51 Corribert
3%
2453 51 Courtisols
3%
728 88 Coussey
3%
245 57 Craincourt
3%
281 67 Crastatt
3%
3909 57 Créhange
3%
2031 10 Creney-près-Troyes
3%
534 52 Culmont
3%
3136 54 Custines
3%
106 57 Cutting
3%
704 57 Dalem
3%
106 57 Dalhain
3%
775 67 Dambach
3%
2269 67 Dambach-la-Ville
3%
692 57 Danne-et-Quatre-Vents
3%
512 57 Dannelbourg
3%
2305 68 Dannemarie
3%
266 52 Darmannes
3%
1118 88 Darney
3%
1400 88 Darnieulles
3%
497 54 Deneuvre
3%
102 57 Destry
3%
715 67 Diebolsheim
3%
253 67 Dieffenthal
3%
872 10 Dienville
3%
1488 55 Dieue-sur-Meuse
3%
1532 88 Dogneville
3%
133 10 Dolancourt
3%
351 57 Dolving
3%
215 88 Domfaing
3%
1084 8 Dom-le-Mesnil
3%
731 55 Dommary-Baroncourt
3%
258 88 Dompierre
3%
2035 8 Donchery
3%
2637 67 Dorlisheim
3%
370 52 Doulevant-le-Château
3%
2221 8 Douzy
3%
1742 67 Duppigheim
3%
559 68 Durlinsdorf
3%
845 68 Durmenach
3%
263 10 Eaux-Puiseaux
3%
2307 67 Ebersheim
3%
370 57 Éblange
3%
502 51 Écury-sur-Coole
3%
227 57 Eincheville
3%
376 54 Einvaux
3%
1122 54 Einville-au-Jard
3%
710 57 Elzange
3%
1250 57 Enchenberg
3%
1263 57 Entrange
3%
307 54 Éply
3%
5708 67 Eschau
3%
1522 68 Eschentzwiller
3%
705 57 Escherange
3%
335 54 Essey-et-Maizerais
3%
730 10 Essoyes
3%
1847 51 Esternay
3%
3564 55 Étain
3%
2066 52 Eurville-Bienville
3%
226 57 Évrange
3%
546 57 Failly
3%
2553 57 Falck
3%
14997 57 Fameck
3%
5453 57 Farébersviller
3%
5241 57 Faulquemont
3%
1365 52 Fayl-Billot
3%
5845 67 Fegersheim
3%
471 68 Feldbach
3%
833 68 Ferrette
3%
338 10 Feuges
3%
1215 57 Fèves
3%
5775 51 Fismes
3%
415 57 Fixem
3%
1832 54 Flavigny-sur-Moselle
3%
147 57 Fleisheim
3%
1309 57 Fleury
3%
1755 8 Flize
3%
947 68 Folgensbourg
3%
255 10 Fontaine
3%
893 10 Fontaine-les-Grès
3%
3173 57 Fontoy
3%
715 10 Fontvannes
3%
155 57 Foulcrey
3%
375 68 Franken
3%
87 57 Fraquelfing
3%
607 57 Frauenberg
3%
1051 57 Freistroff
3%
199 57 Fresnes-en-Saulnois
3%
621 67 Friesenheim
3%
1430 52 Froncles
3%
354 68 Fulleren
3%
3228 8 Fumay
3%
5216 67 Gambsheim
3%
504 57 Garrebourg
3%
579 57 Gavisse
3%
342 10 Géraudot
3%
80 57 Gerbécourt
3%
3508 67 Gerstheim
3%
1012 8 Gespunsart
3%
909 88 Girancourt
3%
364 88 Girecourt-sur-Durbion
3%
898 88 Gironcourt-sur-Vraine
3%
88 57 Givrycourt
3%
464 51 Givry-en-Argonne
3%
1505 57 Goetzenbruck
3%
91 10 Grandville
3%
825 57 Gravelotte
3%
151 88 Greux
3%
3371 57 Grosbliederstroff
3%
1354 57 Gros-Réderching
3%
410 57 Guebenhouse
3%
124 57 Guébling
3%
11281 68 Guebwiller
3%
769 68 Hagenbach
3%
1303 68 Hagenthal-le-Bas
3%
734 68 Hagenthal-le-Haut
3%
178 57 Hampont
3%
267 57 Hangviller
3%
742 54 Haraucourt
3%
724 8 Haraucourt
3%
513 54 Haroué
3%
190 57 Harprich
3%
384 57 Harreberg
3%
943 57 Hartzviller
3%
787 54 Hatrize
3%
605 57 Hauconcourt
3%
388 68 Hausgauen
3%
364 57 Haut-Clocher
3%
457 57 Havange
3%
1874 8 Haybes
3%
745 68 Helfrantzkirch
3%
197 57 Hellering-lès-Fénétrange
3%
114 55 Hennemont
3%
108 57 Hérange
3%
4737 67 Herrlisheim
3%
185 57 Hertzing
3%
2861 68 Hésingue
3%
166 55 Heudicourt-sous-les-Côtes
3%
638 57 Hilbesheim
3%
2674 67 Hilsenheim
3%
340 57 Hinckange
3%
1547 67 Hindisheim
3%
4101 67 Hochfelden
3%
2234 68 Hochstatt
3%
11531 67 Hœnheim
3%
6302 54 Homécourt
3%
851 57 Hommarting
3%
323 57 Hommert
3%
2131 54 Houdemont
3%
371 57 Hultehouse
3%
723 57 Hunting
3%
2696 67 Huttenheim
3%
94 57 Ibigny
3%
2529 68 Illfurth
3%
745 57 Imling
3%
4755 68 Ingersheim
3%
444 57 Inglange
3%
4067 67 Ingwiller
3%
794 54 Jeandelaincourt
3%
515 68 Jettingen
3%
693 88 Jeuxey
3%
6636 54 Jœuf
3%
910 54 Jolivet
3%
1335 57 Jury
3%
462 57 Jussy
3%
967 51 Juvigny
3%
1248 57 Kanfen
3%
608 68 Kappelen
3%
1104 57 Kédange-sur-Canner
3%
628 57 Kerling-lès-Sierck
3%
1217 67 Kertzfeld
3%
1530 67 Keskastel
3%
249 68 Kiffis
3%
1697 67 Kintzheim
3%
540 67 Kirrwiller
3%
380 68 Knœringue
3%
3245 57 Knutange
3%
2318 57 Kœnigsmacker
3%
604 68 Kœtzingue
3%
1292 67 Kogenheim
3%
1754 67 Krautergersheim
3%
1386 57 Kuntzig
3%
568 88 La Chapelle-devant-Bruyères
3%
1704 8 La Francheville
3%
204 57 Lafrimbolle
3%
98 10 La Loge-aux-Chèvres
3%
364 10 La Motte-Tilly
3%
3513 67 Lampertheim
3%
1081 54 Landres
3%
274 57 Landroff
3%
1673 68 Landser
3%
307 54 Laneuveville-aux-Bois
3%
522 88 La Neuveville-devant-Lépanges
3%
292 57 Laneuveville-en-Saulnois
3%
139 51 La Neuville-aux-Bois
3%
166 57 Languimberg
3%
2281 52 La Porte du Der
3%
3687 10 La Rivière-de-Corps
3%
369 54 Laronxe
3%
125 8 La Sabotterie
3%
398 88 La Salle
3%
2368 67 Lauterbourg
3%
640 88 Laval-sur-Vologne
3%
6022 67 La Wantzenau
3%
765 68 Le Bonhomme
3%
292 10 Le Chêne
3%
65 57 Lemoncourt
3%
358 57 Léning
3%
130 10 Lentilles
3%
901 8 Les Ayvelles
3%
96 10 Les Croûtes
3%
62 55 Les Éparges
3%
407 57 Les Étangs
3%
82 10 Les Granges
3%
901 8 Les Mazures
3%
86 88 Les Rouges-Eaux
3%
763 57 Lessy
3%
3955 88 Le Val-d'Ajol
3%
844 57 Le Val-de-Guéblange
3%
1274 68 Leymen
3%
916 54 Leyr
3%
5262 57 L'Hôpital
3%
85 57 Lidrezing
3%
129 57 Liéhon
3%
2184 88 Liffol-le-Grand
3%
216 57 Lindre-Basse
3%
54 57 Lindre-Haute
3%
144 57 Liocourt
3%
595 57 Lixheim
3%
351 57 Lommerange
3%
461 88 Longchamp
3%
61 52 Longchamp
3%
1145 55 Longeville-en-Barrois
3%
3990 57 Longeville-lès-Metz
3%
3709 57 Longeville-lès-Saint-Avold
3%
129 10 Longsols
3%
5285 54 Longuyon
3%
1169 57 Lorquin
3%
672 57 Lorry-Mardigny
3%
326 57 Loudrefing
3%
894 57 Louvigny
3%
73 57 Lubécourt
3%
237 57 Lucy
3%
1140 8 Lumes
3%
579 57 Luppy
3%
909 57 Luttange
3%
73 52 Maâtz
3%
527 8 Machault
3%
2828 57 Macheren
3%
303 68 Magny
3%
264 54 Mailly-sur-Seille
3%
169 10 Maisons-lès-Chaource
3%
412 54 Maixe
3%
491 57 Maizières-lès-Vic
3%
355 57 Malroy
3%
246 54 Manonville
3%
363 57 Marange-Zondrange
3%
441 10 Maraye-en-Othe
3%
1700 54 Marbache
3%
735 10 Marcilly-le-Hayer
3%
288 51 Mareuil-en-Brie
3%
1170 51 Mareuil-le-Port
3%
711 57 Marieulles
3%
113 51 Marigny
3%
1793 10 Marigny-le-Châtel
3%
4294 67 Marlenheim
3%
10187 57 Marly
3%
170 55 Marre
3%
251 57 Marsal
3%
916 54 Mars-la-Tour
3%
172 57 Marthille
3%
530 55 Marville
3%
823 88 Mattaincourt
3%
1585 67 Matzenheim
3%
220 88 Maxey-sur-Meuse
3%
308 57 Maxstadt
3%
146 57 Mégange
3%
686 57 Meisenthal
3%
1513 67 Meistratzheim
3%
1307 54 Méréville
3%
284 57 Métairies-Saint-Quirin
3%
438 57 Metting
3%
1006 57 Metzeresche
3%
2319 57 Metzervisse
3%
674 57 Metzing
3%
715 68 Michelbach-le-Bas
3%
602 68 Michelbach-le-Haut
3%
690 57 Mittelbronn
3%
2131 67 Mittelhausbergen
3%
574 67 Mittelschaeffolsheim
3%
528 68 Mœrnach
3%
1085 54 Moineville
3%
530 54 Moncel-sur-Seille
3%
197 88 Moncel-sur-Vair
3%
553 51 Moncetz-Longevas
3%
67 57 Moncourt
3%
542 57 Mondorff
3%
839 10 Montaulin
3%
1636 8 Montcy-Notre-Dame
3%
491 57 Montenach
3%
404 10 Montgueux
3%
411 10 Montiéramey
3%
100 88 Mont-lès-Lamarche
3%
2124 55 Montmédy
3%
3609 51 Montmirail
3%
2747 57 Montois-la-Montagne
3%
56 54 Montreux
3%
80 55 Montsec
3%
1643 68 Moosch
3%
417 68 Mooslargue
3%
2703 57 Morsbach
3%
692 67 Morsbronn-les-Bains
3%
598 67 Morschwiller
3%
3720 68 Morschwiller-le-Bas
3%
47 88 Morville
3%
117 57 Morville-sur-Nied
3%
76 54 Mouacourt
3%
820 51 Mourmelon-le-Petit
3%
288 57 Mouterhouse
3%
2266 8 Mouzon
3%
3128 88 Moyenmoutier
3%
7412 57 Moyeuvre-Grande
3%
457 57 Moyeuvre-Petite
3%
949 68 Muespach
3%
1096 68 Muespach-le-Haut
3%
2167 51 Muizon
3%
215 57 Mulcey
3%
1036 10 Mussy-sur-Seine
3%
1970 68 Neuf-Brisach
3%
2646 57 Neufchef
3%
1387 57 Neufgrange
3%
1007 8 Neufmanil
3%
502 68 Neuwiller
3%
283 57 Niderhoff
3%
1214 57 Niderviller
3%
1682 67 Niederhausbergen
3%
1289 67 Niedernai
3%
1383 67 Niederschaeffolsheim
3%
252 57 Niederstinzel
3%
4483 57 Nilvange
3%
1119 57 Noisseville
3%
1769 67 Nordhouse
3%
1040 57 Norroy-le-Veneur
3%
723 57 Nouilly
3%
2277 8 Nouvion-sur-Meuse
3%
5702 8 Nouzonville
3%
1861 57 Novéant-sur-Moselle
3%
5516 67 Oberhausbergen
3%
2465 67 Oberschaeffolsheim
3%
33 57 Obreck
3%
905 51 Oiry
3%
694 68 Oltingue
3%
130 57 Ommeray
3%
80 8 Omont
3%
361 57 Orny
3%
940 67 Osthouse
3%
13118 67 Ostwald
3%
3193 57 Ottange
3%
754 57 Oudrenne
3%
894 57 Pange
3%
1738 51 Pargny-sur-Saulx
3%
1394 10 Payns
3%
6324 57 Petite-Rosselle
3%
844 68 Petit-Landau
3%
1459 57 Petit-Réderching
3%
1392 68 Pfaffenheim
3%
10185 68 Pfastatt
3%
981 68 Pfetterhouse
3%
613 57 Philippsbourg
3%
45 54 Phlin
3%
2496 54 Piennes
3%
862 54 Pierrepont
3%
299 54 Pierreville
3%
1517 57 Pierrevillers
3%
1493 10 Piney
3%
1010 67 Plaine
3%
627 57 Plaine-de-Walsch
3%
834 57 Plesnois
3%
1599 88 Plombières-les-Bains
3%
946 51 Pogny
3%
161 10 Poivres
3%
719 57 Pommérieux
3%
4908 54 Pompey
3%
588 57 Pontoy
3%
757 57 Pontpierre
3%
1852 54 Pont-Saint-Vincent
3%
737 57 Pouilly
3%
637 57 Pournoy-la-Chétive
3%
731 57 Pournoy-la-Grasse
3%
92 88 Prey
3%
1041 51 Prunay
3%
3127 57 Puttelange-aux-Lacs
3%
170 57 Puzieux
3%
150 88 Puzieux
3%
241 8 Quatre-Champs
3%
173 10 Racines
3%
515 68 Raedersdorf
3%
5206 88 Rambervillers
3%
414 10 Ramerupt
3%
883 57 Ranguevaux
3%
643 68 Ranspach-le-Bas
3%
646 68 Ranspach-le-Haut
3%
824 68 Rantzwiller
3%
227 54 Raucourt
3%
578 57 Réchicourt-le-Château
3%
1075 51 Recy
3%
1015 57 Rédange
3%
5494 67 Reichshoffen
3%
1390 57 Rémelfing
3%
2109 57 Rémilly
3%
1693 8 Renwez
3%
850 57 Rettel
3%
2838 55 Revigny-sur-Ornain
3%
377 57 Reyersviller
3%
2682 67 Rhinau
3%
469 52 Riaucourt
3%
4847 68 Ribeauvillé
3%
2134 57 Richemont
3%
135 57 Richeval
3%
3739 68 Richwiller
3%
667 68 Riespach
3%
665 52 Rimaucourt
3%
673 57 Rimling
3%
1350 8 Rimogne
3%
1083 68 Riquewihr
3%
188 57 Rochonvillers
3%
1325 57 Rodemack
3%
351 57 Romelfing
3%
164 51 Romery
3%
1040 57 Roncourt
3%
1022 67 Roppenheim
3%
697 68 Roppentzwiller
3%
2885 54 Rosières-aux-Salines
3%
4961 10 Rosières-près-Troyes
3%
2592 57 Rosselange
3%
369 57 Roupeldange
3%
772 54 Roville-devant-Bayon
3%
578 10 Rumilly-lès-Vaudes
3%
2452 57 Rurange-lès-Thionville
3%
635 57 Rustroff
3%
182 8 Sachy
3%
255 8 Sailly
3%
33 52 Sailly
3%
2255 68 Saint-Amarin
3%
356 52 Saint-Blin
3%
1887 68 Sainte-Croix-aux-Mines
3%
2046 10 Sainte-Maure
3%
601 57 Sainte-Ruffine
3%
834 51 Saint-Étienne-au-Temple
3%
3903 88 Saint-Étienne-lès-Remiremont
3%
317 57 Saint-François-Lacroix
3%
277 51 Saint-Gilles
3%
242 57 Saint-Hubert
3%
349 57 Saint-Jean-de-Bassel
3%
707 57 Saint-Jean-Kourtzerode
3%
548 67 Saint-Jean-Saverne
3%
3531 57 Saint-Julien-lès-Metz
3%
6883 10 Saint-Julien-les-Villas
3%
289 57 Saint-Jure
3%
927 10 Saint-Léger-près-Troyes
3%
334 8 Saint-Marcel
3%
151 54 Saint-Marcel
3%
100 54 Saint-Mard
3%
652 10 Saint-Mards-en-Othe
3%
1410 51 Saint-Martin-d'Ablois
3%
814 51 Saint-Martin-sur-le-Pré
3%
110 57 Saint-Médard
3%
1080 10 Saint-Parres-lès-Vaudes
3%
161 88 Saint-Paul
3%
521 10 Saint-Phal
3%
1920 57 Saint-Privat-la-Montagne
3%
529 88 Saint-Remy
3%
517 51 Saint-Remy-en-Bouzemont-Saint-Genest-et-Isson
3%
550 10 Saint-Thibault
3%
1399 67 Sand
3%
1293 57 Sarreinsming
3%
2109 51 Sarry
3%
852 8 Saulces-Monclin
3%
1551 57 Saulny
3%
1943 8 Sault-lès-Rethel
3%
509 67 Saulxures
3%
129 52 Saulxures
3%
4279 54 Saulxures-lès-Nancy
3%
244 8 Sauville
3%
183 88 Sauville
3%
482 55 Savonnières-devant-Bar
3%
110 54 Saxon-Sion
3%
375 57 Schalbach
3%
1295 68 Schlierbach
3%
628 67 Schœnau
3%
2514 57 Schœneck
3%
5045 67 Schweighouse-sur-Moder
3%
1775 67 Schwindratzheim
3%
233 68 Schwoben
3%
5177 54 Seichamps
3%
2429 88 Senones
3%
1419 68 Seppois-le-Bas
3%
142 52 Sexfontaines
3%
1789 57 Sierck-les-Bains
3%
590 57 Sillegny
3%
278 51 Sompuis
3%
543 8 Sormonne
3%
21 57 Sotzeling
3%
1058 57 Soucht
3%
8120 67 Souffelweyersheim
3%
425 10 Soulaines-Dhuys
3%
671 88 Soulosse-sous-Saint-Élophe
3%
3283 57 Spicheren
3%
854 68 Steinbrunn-le-Bas
3%
650 68 Steinbrunn-le-Haut
3%
770 68 Steinsoultz
3%
2623 55 Stenay
3%
353 68 Stetten
3%
1370 57 Stuckange
3%
173 57 Sturzelbronn
3%
3917 51 Suippes
3%
1857 67 Sundhouse
3%
61 8 Suzanne
3%
887 8 Tagnon
3%
299 68 Tagsdorf
3%
2216 51 Taissy
3%
8009 57 Talange
3%
157 8 Tannay
3%
63 57 Tarquimpol
3%
7421 57 Terville
3%
2503 57 Théding
3%
133 57 Thicourt
3%
390 54 Thiébauménil
3%
524 51 Thiéblemont-Farémont
3%
1987 54 Thil
3%
314 51 Thil
3%
120 10 Thil
3%
575 51 Thillois
3%
50 57 Thonville
3%
424 54 Thuilley-aux-Groseilles
3%
166 54 Tremblecourt
3%
2331 57 Tressange
3%
1284 57 Troisfontaines
3%
4487 67 Truchtersheim
3%
2446 54 Tucquegnieux
3%
3902 68 Turckheim
3%
11 57 Turquestein-Blancrupt
3%
1489 67 Urmatt
3%
565 67 Uttenheim
3%
568 57 Val-de-Bride
3%
961 51 Val-de-Vesle
3%
216 57 Vallerange
3%
2351 54 Valleroy
3%
25 52 Valleroy
3%
334 57 Valmestroff
3%
297 10 Vanlay
3%
73 57 Vannecourt
3%
3641 54 Varangéville
3%
646 55 Varennes-en-Argonne
3%
992 57 Varsberg
3%
323 57 Vasperviller
3%
506 10 Vauchassis
3%
1953 55 Vaucouleurs
3%
66 54 Vaudémont
3%
251 57 Veckersviller
3%
662 57 Veckring
3%
6080 67 Vendenheim
3%
2358 10 Vendeuvre-sur-Barse
3%
356 52 Verbiesles
3%
558 57 Vergaville
3%
676 57 Vernéville
3%
2025 57 Verny
3%
58 10 Verricourt
3%
974 51 Verzy
3%
1379 54 Vézelise
3%
689 68 Vieux-Ferrette
3%
254 57 Vieux-Lixheim
3%
237 54 Vigneulles
3%
1658 55 Vigneulles-lès-Hattonchâtel
3%
231 52 Vignory
3%
394 57 Vigny
3%
1691 57 Vigy
3%
615 10 Villacerf
3%
649 51 Ville-en-Tardenois
3%
996 52 Villegusien-le-Lac
3%
2729 10 Villenauxe-la-Grande
3%
202 88 Villers
3%
568 54 Villers-la-Chèvre
3%
14603 54 Villers-lès-Nancy
3%
539 8 Ville-sur-Lumes
3%
212 51 Ville-sur-Tourbe
3%
357 57 Vilsberg
3%
1496 8 Vireux-Molhain
3%
3051 57 Vitry-sur-Orne
3%
125 57 Viviers
3%
1650 55 Void-Vacon
3%
2349 57 Volmerange-les-Mines
3%
788 57 Volmunster
3%
2077 57 Volstroff
3%
708 10 Voué
3%
467 57 Voyer
3%
475 51 Vraux
3%
630 57 Vry
3%
34 57 Vulmont
3%
504 68 Wahlbach
3%
1572 68 Waldighofen
3%
248 57 Waltembourg
3%
665 67 Wangen
3%
1252 8 Warcq
3%
193 55 Warcq
3%
2672 51 Warmeriville
3%
5821 67 Wasselonne
3%
2885 52 Wassy
3%
789 68 Wentzwiller
3%
1616 67 Westhouse
3%
561 67 Weyer
3%
3453 67 Weyersheim
3%
308 68 Winkel
3%
269 57 Wintersbourg
3%
8257 68 Wintzenheim
3%
5022 51 Witry-lès-Reims
3%
771 57 Wittring
3%
2941 57 Woustviller
3%
60 57 Wuisse
3%
318 57 Xouaxange
3%
104 54 Xures
3%
395 68 Zaessingue
3%
67 57 Zarbeling
3%
277 57 Zilling
3%
2585 68 Zillisheim
3%
1075 68 Zimmersheim
3%
49 57 Zommange
3%
1270 57 Zoufftgen
3%
294 55 Abainville
0%
311 54 Abaucourt
0%
104 55 Abaucourt-Hautecourt
0%
169 51 Ablancourt
0%
327 57 Aboncourt
0%
97 54 Aboncourt
0%
67 57 Aboncourt-sur-Seille
0%
80 57 Achain
0%
1011 57 Achen
0%
2471 67 Achenheim
0%
472 8 Acy-Romance
0%
132 57 Adaincourt
0%
210 57 Adelange
0%
180 54 Affléville
0%
111 54 Affracourt
0%
321 52 Ageville
0%
76 88 Ahéville
0%
285 51 Aigny
0%
23 52 Aigremont
0%
237 10 Ailleville
0%
150 52 Aillianville
0%
81 55 Aincreville
0%
63 88 Aingeville
0%
13 52 Aingoulaincourt
0%
135 88 Ainvelle
0%
245 8 Aire
0%
38 52 Aizanville
0%
160 57 Alaincourt-la-Côte
0%
1136 68 Algolsheim
0%
161 8 Alincourt
0%
483 54 Allain
0%
169 54 Allamont
0%
512 54 Allamps
0%
257 8 Alland'Huy-et-Sausseuil
0%
204 88 Allarmont
0%
121 51 Allemanche-Launay-et-Soyer
0%
178 51 Allemant
0%
152 51 Alliancelles
0%
209 10 Allibaudières
0%
361 52 Allichamps
0%
657 54 Allondrelle-la-Malmaison
0%
871 67 Alteckendorf
0%
394 68 Altenach
0%
222 67 Altenheim
0%
379 57 Altrippe
0%
573 57 Altviller
0%
400 57 Alzing
0%
733 8 Amagne
0%
37 55 Amanty
0%
290 88 Ambacourt
0%
137 8 Ambly-Fleury
0%
244 55 Ambly-sur-Meuse
0%
990 51 Ambonnay
0%
90 52 Ambonville
0%
220 51 Ambrières
0%
149 55 Amel-sur-l'Étang
0%
88 54 Amenoncourt
0%
49 88 Ameuvelle
0%
1738 68 Ammerschwihr
0%
555 55 Ancemont
0%
2688 55 Ancerville
0%
306 57 Ancerville
0%
269 54 Ancerviller
0%
216 8 Anchamps
0%
1538 57 Ancy-Dornot
0%
878 52 Andelot-Blancheville
0%
259 55 Andernay
0%
264 54 Anderny
0%
295 54 Andilly
0%
104 52 Andilly-en-Bassigny
0%
1833 67 Andlau
0%
393 8 Angecourt
0%
172 88 Anglemont
0%
145 51 Angluzelles-et-Courcelles
0%
76 54 Angomont
0%
149 8 Annelles
0%
93 52 Annéville-la-Prairie
0%
31 52 Annonville
0%
3409 88 Anould
0%
280 54 Anoux
0%
127 52 Anrosey
0%
79 54 Ansauville
0%
455 54 Anthelupt
0%
72 51 Anthenay
0%
105 8 Antheny
0%
518 57 Anzeling
0%
103 51 Aougny
0%
209 8 Aouste
0%
202 88 Aouze
0%
1090 57 Apach
0%
592 68 Appenwihr
0%
121 8 Apremont
0%
430 55 Apremont-la-Forêt
0%
194 52 Aprey
0%
85 52 Arbigny-sous-Varennes
0%
70 52 Arbot
0%
1677 88 Arches
0%
1116 88 Archettes
0%
299 51 Arcis-le-Ponsart
0%
106 10 Arconville
0%
78 8 Ardeuil-et-Montfauxelles
0%
114 10 Argançon
0%
111 51 Argers
0%
234 54 Armaucourt
0%
92 52 Arnancourt
0%
574 54 Arnaville
0%
157 8 Arnicourt
0%
89 88 Aroffe
0%
250 54 Arracourt
0%
126 57 Arraincourt
0%
474 55 Arrancy-sur-Crusnes
0%
369 54 Arraye-et-Han
0%
88 10 Arrelles
0%
48 10 Arrembécourt
0%
189 88 Arrentès-de-Corcieux
0%
209 10 Arrentières
0%
329 8 Arreux
0%
219 57 Arriance
0%
243 51 Arrigny
0%
305 10 Arsonval
0%
66 8 Artaise-le-Vivier
0%
1000 67 Artolsheim
0%
875 68 Artzenheim
0%
332 51 Arzillières-Neuville
0%
667 67 Aschbach
0%
1097 8 Asfeld
0%
1328 68 Aspach-le-Bas
0%
1811 68 Aspach-Michelbach
0%
148 10 Assenay
0%
187 10 Assencières
0%
118 57 Assenoncourt
0%
275 67 Asswiller
0%
179 54 Athienville
0%
907 51 Athis
0%
273 52 Attancourt
0%
205 88 Attignéville
0%
272 57 Aube
0%
188 52 Aubepierre-sur-Aube
0%
260 51 Aubérive
0%
156 52 Auberive
0%
385 10 Aubeterre
0%
315 8 Aubigny-les-Pothées
0%
56 51 Aubilly
0%
98 8 Auboncourt-Vauzelles
0%
367 55 Aubréville
0%
1002 8 Aubrives
0%
373 68 Aubure
0%
89 52 Audeloncourt
0%
87 8 Auflance
0%
58 8 Auge
0%
73 52 Aujeurres
0%
126 10 Aulnay
0%
197 51 Aulnay-l'Aître
0%
274 51 Aulnay-sur-Marne
0%
500 55 Aulnois-en-Perthois
0%
291 57 Aulnois-sur-Seille
0%
55 52 Aulnoy-sur-Aube
0%
1103 51 Auménancourt
0%
44 8 Aure
0%
223 8 Aussonce
0%
93 8 Authe
0%
148 88 Autigny-la-Tour
0%
136 52 Autigny-le-Grand
0%
55 52 Autigny-le-Petit
0%
343 8 Autrecourt-et-Pourron
0%
123 55 Autrécourt-sur-Aire
0%
81 54 Autrepierre
0%
195 88 Autreville
0%
42 55 Autréville-Saint-Lambert
0%
377 52 Autreville-sur-la-Renne
0%
264 54 Autreville-sur-Moselle
0%
292 88 Autrey
0%
192 54 Autrey
0%
58 8 Autruche
0%
114 8 Autry
0%
331 51 Auve
0%
901 8 Auvillers-les-Forges
0%
1040 10 Auxon
0%
246 88 Auzainvilliers
0%
348 8 Avançon
0%
513 10 Avant-lès-Marcilly
0%
160 10 Avant-lès-Ramerupt
0%
485 8 Avaux
0%
1026 51 Avenay-Val-d'Or
0%
134 54 Avillers
0%
83 88 Avillers
0%
73 55 Avillers-Sainte-Croix
0%
211 10 Avirey-Lingey
0%
1911 51 Avize
0%
121 55 Avocourt
0%
197 10 Avon-la-Pèze
0%
219 54 Avrainville
0%
124 88 Avrainville
0%
72 88 Avranville
0%
108 52 Avrecourt
0%
173 10 Avreuil
0%
1203 54 Avril
0%
5338 51 Aÿ-Champagne
0%
1054 88 Aydoilles
0%
164 55 Azannes-et-Soumazannes
0%
428 54 Azelot
0%
768 54 Azerailles
0%
130 57 Azoudange
0%
212 8 Baâlons
0%
287 51 Baconnes
0%
110 57 Bacourt
0%
150 88 Badménil-aux-Bois
0%
1591 54 Badonviller
0%
134 55 Badonvilliers-Gérauvilliers
0%
301 67 Baerendorf
0%
421 51 Bagneux
0%
145 54 Bagneux
0%
176 10 Bagneux-la-Fosse
0%
150 52 Bailly-aux-Forges
0%
37 10 Bailly-le-Franc
0%
281 54 Bainville-aux-Miroirs
0%
151 88 Bainville-aux-Saules
0%
1459 54 Bainville-sur-Madon
0%
186 52 Baissey
0%
2685 68 Baldersheim
0%
984 68 Balgau
0%
170 8 Balham
0%
61 10 Balignicourt
0%
829 68 Ballersdorf
0%
102 88 Balléville
0%
119 10 Balnot-la-Grange
0%
156 10 Balnot-sur-Laignes
0%
766 68 Balschwiller
0%
571 68 Baltzenheim
0%
1227 88 Ban-de-Laveline
0%
358 88 Ban-de-Sapt
0%
74 57 Bannay
0%
21 51 Bannay
0%
376 52 Bannes
0%
250 51 Bannes
0%
163 55 Bannoncourt
0%
163 8 Banogne-Recouvrance
0%
975 88 Ban-sur-Meurthe-Clefcy
0%
114 55 Bantheville
0%
108 8 Barbaise
0%
199 54 Barbas
0%
148 88 Barbey-Seroux
0%
509 51 Barbonne-Fayel
0%
435 54 Barbonville
0%
483 10 Barbuise
0%
414 8 Barby
0%
834 67 Barembach
0%
401 54 Barisey-au-Plain
0%
265 54 Barisey-la-Côte
0%
310 10 Baroville
0%
7365 67 Barr
0%
582 57 Barst
0%
92 88 Barville
0%
543 54 Baslieux
0%
350 51 Baslieux-lès-Fismes
0%
181 51 Baslieux-sous-Châtillon
0%
229 67 Bassemberg
0%
535 57 Basse-Rentgen
0%
904 88 Basse-sur-le-Rupt
0%
112 57 Bassing
0%
64 52 Bassoncourt
0%
96 51 Bassu
0%
250 51 Bassuet
0%
66 54 Bathelémont
0%
1312 54 Batilly
0%
1601 68 Battenheim
0%
36 88 Battexey
0%
151 54 Battigny
0%
1006 67 Batzendorf
0%
104 51 Baudement
0%
383 55 Baudonvilliers
0%
185 57 Baudrecourt
0%
87 52 Baudrecourt
0%
44 55 Baudrémont
0%
344 88 Baudricourt
0%
20 55 Baulny
0%
162 54 Bauzemont
0%
1313 52 Bayard-sur-Marne
0%
251 88 Bayecourt
0%
75 8 Bayonville
0%
334 54 Bayonville-sur-Mad
0%
51 52 Bay-sur-Aube
0%
147 54 Bazailles
0%
2411 51 Bazancourt
0%
115 88 Bazegney
0%
114 55 Bazeilles-sur-Othain
0%
80 88 Bazien
0%
151 55 Bazincourt-sur-Saulx
0%
112 88 Bazoilles-et-Ménil
0%
621 88 Bazoilles-sur-Meuse
0%
541 57 Bazoncourt
0%
114 52 Beauchemin
0%
94 55 Beauclair
0%
142 55 Beaufort-en-Argonne
0%
88 88 Beaufremont
0%
40 55 Beaulieu-en-Argonne
0%
132 88 Beauménil
0%
74 54 Beaumont
0%
431 8 Beaumont-en-Argonne
0%
0 55 Beaumont-en-Verdunois
0%
798 51 Beaumont-sur-Vesle
0%
102 51 Beaunay
0%
259 55 Beausite
0%
960 68 Beblenheim
0%
87 54 Béchamps
0%
44 8 Beffu-et-le-Morthomme
0%
155 88 Begnécourt
0%
623 55 Behonne
0%
1945 67 Beinheim
0%
55 57 Bellange
0%
762 54 Belleau
0%
1001 88 Bellefontaine
0%
173 67 Bellefosse
0%
153 68 Bellemagny
0%
539 55 Belleray
0%
267 8 Belleville-et-Châtillon-sur-Bar
0%
3073 55 Belleville-sur-Meuse
0%
114 88 Belmont-lès-Darney
0%
131 88 Belmont-sur-Vair
0%
34 55 Belrain
0%
96 88 Belrupt
0%
560 55 Belrupt-en-Verdunois
0%
227 8 Belval
0%
157 88 Belval
0%
29 8 Belval-Bois-des-Dames
0%
47 51 Belval-en-Argonne
0%
168 51 Belval-sous-Châtillon
0%
596 54 Bénaménil
0%
248 68 Bendorf
0%
135 55 Beney-en-Woëvre
0%
662 54 Benney
0%
1396 68 Bennwihr
0%
442 10 Bercenay-en-Othe
0%
199 10 Bercenay-le-Hayer
0%
732 67 Bergbieten
0%
583 51 Bergères-lès-Vertus
0%
140 51 Bergères-sous-Montmirail
0%
1135 68 Bergholtz
0%
425 68 Bergholtzzell
0%
299 8 Bergnicourt
0%
447 57 Berg-sur-Moselle
0%
246 51 Berméricourt
0%
219 57 Bermering
0%
178 54 Bernécourt
0%
1237 68 Bernwiller
0%
603 51 Berru
0%
1241 68 Berrwiller
0%
2502 67 Berstett
0%
51 10 Bertignolles
0%
131 8 Bertoncourt
0%
323 54 Bertrambois
0%
316 88 Bertrimoutier
0%
205 10 Bérulle
0%
465 57 Berviller-en-Moselle
0%
75 51 Berzieux
0%
124 10 Bessy
0%
165 55 Béthelainville
0%
1304 51 Bétheniville
0%
38 55 Béthincourt
0%
245 51 Bethon
0%
34 10 Bétignicourt
0%
4235 67 Betschdorf
0%
412 54 Bettainvillers
0%
1825 52 Bettancourt-la-Ferrée
0%
76 51 Bettancourt-la-Longue
0%
249 57 Bettange
0%
161 88 Bettegney-Saint-Brice
0%
456 68 Bettendorf
0%
879 57 Betting
0%
98 88 Bettoncourt
0%
837 57 Bettviller
0%
315 67 Bettwiller
0%
189 10 Beurey
0%
423 55 Beurey-sur-Saulx
0%
103 52 Beurville
0%
782 54 Beuveille
0%
95 54 Beuvezin
0%
480 54 Beuvillers
0%
179 54 Bey-sur-Seille
0%
162 54 Bezange-la-Grande
0%
100 57 Bezange-la-Petite
0%
267 54 Bezaumont
0%
0 55 Bezonvaux
0%
457 57 Bibiche
0%
367 67 Biblisheim
0%
939 54 Bicqueley
0%
341 57 Biding
0%
99 88 Biécourt
0%
332 68 Biederthal
0%
121 55 Biencourt-sur-Orge
0%
37 54 Bienville-la-Petite
0%
314 8 Biermes
0%
2565 68 Biesheim
0%
1363 52 Biesles
0%
303 67 Bietlenheim
0%
47 8 Bièvres
0%
406 88 Biffontaine
0%
68 8 Bignicourt
0%
376 51 Bignicourt-sur-Marne
0%
165 51 Bignicourt-sur-Saulx
0%
120 51 Billy-le-Grand
0%
370 55 Billy-sous-Mangiennes
0%
487 68 Biltzheim
0%
550 67 Bilwisheim
0%
97 51 Binarville
0%
1054 67 Bindernheim
0%
303 57 Bioncourt
0%
121 54 Bionville
0%
388 57 Bionville-sur-Nied
0%
1159 68 Bischwihr
0%
557 68 Bisel
0%
65 55 Bislée
0%
160 67 Bissert
0%
255 57 Bisten-en-Lorraine
0%
86 52 Bize
0%
636 51 Blacy
0%
1127 8 Blagny
0%
111 10 Blaincourt-sur-Aube
0%
327 51 Blaise-sous-Arzillières
0%
68 52 Blaisy
0%
1065 54 Blâmont
0%
144 8 Blanchefosse-et-Bay
0%
32 67 Blancherupt
0%
3444 51 Blancs-Coteaux
0%
14 55 Blanzée
0%
382 8 Blanzy-la-Salonnaise
0%
117 52 Blécourt
0%
57 54 Blémerey
0%
35 88 Blémerey
0%
201 51 Blesme
0%
191 52 Blessonville
0%
307 88 Bleurville
0%
95 88 Blevaincourt
0%
321 67 Blienschwiller
0%
43 10 Blignicourt
0%
166 10 Bligny
0%
118 51 Bligny
0%
2012 68 Blodelsheim
0%
137 8 Blombay
0%
106 52 Blumeray
0%
141 88 Bocquegney
0%
2495 67 Bœrsch
0%
333 67 Bœsenbiesen
0%
79 55 Boinville-en-Woëvre
0%
106 88 Bois-de-Champ
0%
2415 54 Bois-de-Haye
0%
425 54 Boismont
0%
230 51 Boissy-le-Repos
0%
4174 68 Bollwiller
0%
172 54 Boncourt
0%
336 55 Boncourt-sur-Meuse
0%
145 52 Bonnecourt
0%
197 55 Bonnet
0%
178 54 Bonviller
0%
286 88 Bonvillet
0%
366 55 Bonzée
0%
90 54 Borville
0%
197 10 Bossancourt
0%
178 67 Bosselshausen
0%
391 67 Bossendorf
0%
95 8 Bossus-lès-Rumigny
0%
586 57 Boucheporn
0%
203 51 Bouchy-Saint-Genest
0%
59 8 Bouconville
0%
110 55 Bouconville-sur-Madt
0%
364 54 Boucq
0%
149 54 Bouillonville
0%
225 10 Boulages
0%
70 88 Boulaincourt
0%
227 51 Bouleuse
0%
141 8 Boult-aux-Bois
0%
1812 51 Boult-sur-Suippe
0%
109 55 Bouquemont
0%
612 10 Bouranton
0%
568 68 Bourbach-le-Bas
0%
424 68 Bourbach-le-Haut
0%
53 8 Bourcq
0%
111 10 Bourdenay
0%
241 57 Bourdonnay
0%
296 52 Bourdons-sur-Rognon
0%
117 55 Boureuilles
0%
389 67 Bourg-Bruche
0%
855 8 Bourg-Fidèle
0%
1465 51 Bourgogne-Fresne
0%
94 52 Bourg-Sainte-Marie
0%
272 10 Bourguignons
0%
444 51 Boursault
0%
124 57 Bousseviller
0%
152 57 Boustroff
0%
179 51 Bouvancourt
0%
244 54 Bouvron
0%
142 88 Bouxières-aux-Bois
0%
1426 54 Bouxières-aux-Chênes
0%
4190 54 Bouxières-aux-Dames
0%
404 54 Bouxières-sous-Froidmont
0%
177 88 Bouxurulles
0%
570 51 Bouy
0%
248 10 Bouy-Luxembourg
0%
54 10 Bouy-sur-Orvin
0%
67 52 Bouzancourt
0%
66 54 Bouzanville
0%
53 88 Bouzemont
0%
877 51 Bouzy
0%
131 55 Bovée-sur-Barboure
0%
100 55 Boviolles
0%
107 55 Brabant-en-Argonne
0%
234 55 Brabant-le-Roi
0%
125 55 Brabant-sur-Meuse
0%
66 52 Brachay
0%
239 10 Bragelogne-Beauvoir
0%
172 54 Brainville
0%
72 52 Brainville-sur-Meuse
0%
174 54 Bralleville
0%
184 55 Brandeville
0%
193 51 Brandonvillers
0%
335 51 Branscourt
0%
212 88 Brantigny
0%
108 55 Braquis
0%
734 55 Bras-sur-Meuse
0%
46 54 Bratte
0%
179 55 Brauvilliers
0%
117 10 Braux
0%
140 52 Braux-le-Châtel
0%
95 51 Braux-Sainte-Cohière
0%
82 51 Braux-Saint-Remy
0%
81 51 Bréban
0%
60 88 Brechainville
0%
419 68 Bréchaumont
0%
83 8 Brécy-Brières
0%
106 57 Bréhain
0%
447 54 Bréhain-la-Ville
0%
178 55 Bréhéville
0%
318 57 Breidenbach
0%
804 57 Breistroff-la-Grande
0%
339 67 Breitenau
0%
666 67 Breitenbach
0%
833 68 Breitenbach-Haut-Rhin
0%
101 54 Bréménil
0%
170 54 Brémoncourt
0%
123 52 Brennes
0%
390 52 Brethenay
0%
189 68 Bretten
0%
427 57 Brettnach
0%
343 51 Breuil-sur-Vesle
0%
1357 67 Breuschwickersheim
0%
690 52 Breuvannes-en-Bassigny
0%
223 51 Breuvery-sur-Coole
0%
272 55 Breux
0%
365 8 Brévilly
0%
679 10 Brévonnes
0%
442 52 Bricon
0%
202 10 Briel-sur-Barse
0%
415 10 Brienne-la-Vieille
0%
276 8 Brienne-sur-Aisne
0%
230 8 Brieulles-sur-Bar
0%
304 55 Brieulles-sur-Meuse
0%
85 10 Brillecourt
0%
719 55 Brillon-en-Barrois
0%
461 51 Brimont
0%
429 68 Brinckheim
0%
788 54 Brin-sur-Seille
0%
98 8 Briquenay
0%
83 55 Brixey-aux-Chanoines
0%
59 55 Brizeaux
0%
46 55 Brocourt-en-Argonne
0%
143 8 Brognon
0%
990 57 Brouderdorff
0%
159 55 Brouennes
0%
71 51 Brouillet
0%
651 52 Brousseval
0%
58 55 Broussey-en-Blois
0%
291 55 Broussey-Raulecourt
0%
324 51 Broussy-le-Grand
0%
144 51 Broussy-le-Petit
0%
452 57 Brouviller
0%
360 51 Broyes
0%
1082 68 Bruebach
0%
453 51 Brugny-Vaudancourt
0%
102 57 Brulange
0%
625 54 Bruley
0%
8297 68 Brunstatt-Didenheim
0%
184 51 Brusson
0%
224 54 Bruville
0%
447 10 Bucey-en-Othe
0%
1918 10 Buchères
0%
276 68 Buethwiller
0%
160 52 Bugnières
0%
1232 57 Buhl-Lorraine
0%
259 54 Buissoncourt
0%
540 54 Bulligny
0%
137 8 Bulson
0%
313 88 Bult
0%
64 54 Bures
0%
156 55 Burey-en-Vaux
0%
89 55 Burey-la-Côte
0%
78 54 Buriville
0%
1971 68 Burnhaupt-le-Bas
0%
1790 68 Burnhaupt-le-Haut
0%
150 54 Burthecourt-aux-Chênes
0%
225 57 Burtoncourt
0%
43 52 Busson
0%
181 51 Bussy-le-Château
0%
141 51 Bussy-le-Repos
0%
329 51 Bussy-Lettrée
0%
285 67 Buswiller
0%
682 67 Butten
0%
124 10 Buxeuil
0%
28 52 Buxières-lès-Clefmont
0%
218 52 Buxières-lès-Villiers
0%
289 55 Buxières-sous-les-Côtes
0%
115 10 Buxières-sur-Arce
0%
380 8 Buzancy
0%
550 55 Buzy-Darmont
0%
689 57 Cappel
0%
2919 8 Carignan
0%
3456 57 Carling
0%
701 51 Caurel
0%
197 8 Cauroy
0%
487 51 Cauroy-lès-Hermonville
0%
944 54 Ceintrey
0%
72 52 Celles-en-Bassigny
0%
501 10 Celles-sur-Ource
0%
790 88 Celles-sur-Plaine
0%
102 52 Celsoy
0%
91 52 Cerisières
0%
140 51 Cernay-en-Dormois
0%
1474 51 Cernay-lès-Reims
0%
56 8 Cernion
0%
132 51 Cernon
0%
223 88 Certilleux
0%
572 54 Cerville
0%
106 55 Cesse
0%
53 10 Chacenay
0%
111 55 Chaillon
0%
432 57 Chailly-lès-Ennery
0%
343 51 Chaintrix-Bierges
0%
317 55 Chalaines
0%
108 52 Chalancey
0%
730 8 Chalandry-Elaire
0%
127 10 Chalette-sur-Voire
0%
2821 54 Chaligny
0%
444 8 Challerange
0%
192 51 Châlons-sur-Vesle
0%
57 51 Chaltrait
0%
194 52 Chalvraines
0%
462 88 Chamagne
0%
1220 52 Chamarandes-Choignes
0%
726 54 Chambley-Bussières
0%
156 51 Chambrecy
0%
50 52 Chambroncourt
0%
444 51 Chamery
0%
771 52 Chamouilley
0%
124 51 Champaubert
0%
193 88 Champdray
0%
331 54 Champey-sur-Moselle
0%
286 51 Champguyon
0%
330 51 Champigneul-Champagne
0%
41 52 Champigneulles-en-Bassigny
0%
126 8 Champigneul-sur-Vence
0%
264 10 Champignol-lez-Mondeville
0%
1612 51 Champigny
0%
422 52 Champigny-lès-Langres
0%
121 52 Champigny-sous-Varennes
0%
106 10 Champigny-sur-Aube
0%
517 51 Champillon
0%
152 51 Champlat-et-Boujacourt
0%
528 88 Champ-le-Duc
0%
73 8 Champlin
0%
124 55 Champneuville
0%
82 55 Champougny
0%
752 52 Champsevraine
0%
254 51 Champvoisy
0%
1048 52 Chancenay
0%
302 52 Changey
0%
121 51 Changy
0%
135 10 Channes
0%
121 52 Chanoy
0%
52 51 Chantemerle
0%
192 55 Chanteraine
0%
3285 88 Chantraine
0%
222 52 Chantraines
0%
149 57 Chanville
0%
119 54 Chaouilley
0%
54 51 Chapelaine
0%
245 10 Chapelle-Vallon
0%
349 10 Chappes
0%
92 8 Chappes
0%
225 8 Charbogne
0%
61 8 Chardeny
0%
305 55 Chardogne
0%
615 54 Charency-Vezin
0%
91 54 Charey
0%
317 57 Charleville-sous-Bois
0%
6 52 Charmes-en-l'Angle
0%
159 52 Charmes-la-Grande
0%
193 54 Charmois
0%
393 88 Charmois-devant-Bruyères
0%
595 88 Charmois-l'Orgueilleux
0%
65 10 Charmoy
0%
71 8 Charnois
0%
265 10 Charny-le-Bachot
0%
547 55 Charny-sur-Meuse
0%
23 55 Charpentry
0%
51 10 Chaserey
0%
82 55 Chassey-Beaupré
0%
261 52 Chassigny
0%
40 88 Châtas
0%
75 57 Château-Bréhain
0%
307 57 Château-Rouge
0%
141 8 Chatel-Chéhéry
0%
252 51 Châtelraould-Saint-Louvent
0%
1766 88 Châtel-sur-Moselle
0%
100 52 Chatenay-Mâcheron
0%
50 52 Chatenay-Vaudin
0%
181 55 Châtillon-sous-les-Côtes
0%
76 51 Châtillon-sur-Broué
0%
222 51 Châtillon-sur-Morin
0%
117 88 Châtillon-sur-Saône
0%
282 52 Chatonrupt-Sommermont
0%
36 51 Châtrices
0%
182 55 Chattancourt
0%
231 10 Chauchigny
0%
326 51 Chaudefontaine
0%
354 52 Chaudenay
0%
743 54 Chaudeney-sur-Moselle
0%
144 10 Chaudrey
0%
42 88 Chauffecourt
0%
129 10 Chauffour-lès-Bailly
0%
189 52 Chauffourt
0%
105 10 Chaumesnil
0%
47 55 Chaumont-devant-Damvillers
0%
116 52 Chaumont-la-Ville
0%
516 8 Chaumont-Porcien
0%
126 55 Chaumont-sur-Aire
0%
917 88 Chaumousey
0%
384 51 Chaumuzy
0%
238 55 Chauvency-le-Château
0%
230 55 Chauvency-Saint-Hubert
0%
457 55 Chauvoncourt
0%
702 68 Chavannes-sur-l'Étang
0%
1731 54 Chavigny
0%
340 51 Chavot-Courcourt
0%
49 54 Chazelles-sur-Albe
0%
49 88 Chef-Haut
0%
532 8 Chémery-Chéhéry
0%
590 57 Chémery-les-Deux
0%
612 51 Cheminon
0%
229 51 Chenay
0%
496 54 Chenevières
0%
224 54 Chenicourt
0%
642 54 Chenières
0%
113 51 Cheniers
0%
1264 88 Cheniménil
0%
455 10 Chennegy
0%
149 51 Cheppes-la-Prairie
0%
159 55 Cheppy
0%
460 51 Chepy
0%
290 57 Chérisey
0%
94 88 Chermisey
0%
159 10 Chervey
0%
84 51 Cherville
0%
317 10 Chesley
0%
160 8 Chesnois-Auboncourt
0%
541 10 Chessy-les-Prés
0%
463 8 Cheveuges
0%
47 8 Chevières
0%
76 52 Chézeaux
0%
176 51 Chichey
0%
89 57 Chicourt
0%
545 51 Chigny-les-Roses
0%
140 8 Chilly
0%
161 52 Choilley-Dardenay
0%
82 52 Choiseul
0%
716 54 Choloy-Ménillot
0%
209 55 Chonville-Malaumont
0%
71 8 Chuffilly-Roche
0%
46 55 Cierges-sous-Montfaucon
0%
85 88 Circourt
0%
193 88 Circourt-sur-Mouzon
0%
149 52 Cirey-lès-Mareilles
0%
117 52 Cirey-sur-Blaise
0%
192 52 Cirfontaines-en-Azois
0%
81 52 Cirfontaines-en-Ornois
0%
220 51 Clamanges
0%
217 88 Claudon
0%
180 54 Clayeures
0%
506 54 Clémery
0%
32 88 Clérey-la-Côte
0%
60 54 Clérey-sur-Brenon
0%
96 55 Cléry-le-Grand
0%
190 55 Cléry-le-Petit
0%
623 51 Clesles
0%
660 88 Cleurie
0%
225 88 Clézentaine
0%
70 52 Clinchamp
0%
123 51 Cloyes-sur-Marne
0%
174 10 Coclois
0%
299 51 Cœur-de-la-Vallée
0%
219 52 Cohons
0%
89 52 Coiffy-le-Bas
0%
108 52 Coiffy-le-Haut
0%
356 88 Coinches
0%
78 51 Coizard-Joches
0%
579 57 Colligny-Maizery
0%
206 57 Colmen
0%
249 54 Colmey
0%
21 52 Colmier-le-Bas
0%
65 52 Colmier-le-Haut
0%
182 10 Colombé-la-Fosse
0%
155 10 Colombé-le-Sec
0%
482 67 Colroy-la-Roche
0%
801 55 Combles-en-Barrois
0%
119 55 Combres-sous-les-Côtes
0%
135 88 Combrimont
0%
66 8 Condé-lès-Autry
0%
226 8 Condé-lès-Herpy
0%
301 52 Condes
0%
769 51 Condé-sur-Marne
0%
646 51 Conflans-sur-Seine
0%
148 51 Connantray-Vaurefroy
0%
1053 51 Connantre
0%
312 55 Consenvoye
0%
74 52 Consigny
0%
69 51 Contault
0%
84 8 Contreuve
0%
805 55 Contrisson
0%
226 51 Coolus
0%
102 51 Corbeil
0%
112 51 Corfélix
0%
1529 51 Cormicy
0%
309 10 Cormost
0%
129 51 Cormoyeux
0%
68 8 Cornay
0%
3134 88 Cornimont
0%
195 8 Corny-Machéroménil
0%
2206 57 Corny-sur-Moselle
0%
220 51 Corrobert
0%
152 51 Corroy
0%
2829 54 Cosnes-et-Romain
0%
592 67 Cosswiller
0%
124 52 Coublanc
0%
523 8 Coucy
0%
75 8 Coulommes-et-Marqueny
0%
209 51 Coulommes-la-Montagne
0%
639 57 Coume
0%
83 51 Coupetz
0%
165 51 Coupéville
0%
163 52 Coupray
0%
378 54 Courbesseaux
0%
42 55 Courcelles-en-Barrois
0%
92 52 Courcelles-en-Montagne
0%
414 51 Courcelles-Sapicourt
0%
79 88 Courcelles-sous-Châtenois
0%
42 55 Courcelles-sur-Aire
0%
92 52 Courcelles-sur-Blaise
0%
27 10 Courcelles-sur-Voire
0%
93 51 Courcemain
0%
146 10 Courceroy
0%
1260 51 Courcy
0%
401 51 Courdemanges
0%
286 51 Courgivaux
0%
48 51 Courjeonnet
0%
296 51 Courlandon
0%
150 52 Cour-l'Évêque
0%
221 51 Courmas
0%
38 55 Courouvre
0%
102 10 Coursan-en-Othe
0%
71 51 Courtagnon
0%
81 10 Courtaoult
0%
352 68 Courtavon
0%
64 51 Courtémont
0%
228 10 Courtenot
0%
586 10 Courteranges
0%
108 10 Courteron
0%
351 51 Courthiézy
0%
473 51 Courville
0%
1703 55 Cousances-les-Forges
0%
147 55 Cousances-lès-Triconville
0%
180 10 Coussegrey
0%
89 55 Couvertpuis
0%
200 10 Couvignon
0%
156 55 Couvonges
0%
837 51 Couvrot
0%
155 54 Coyviller
0%
180 88 Crainvilliers
0%
891 51 Cramant
0%
721 10 Crancey
0%
157 54 Crantenoy
0%
391 54 Crépey
0%
321 10 Crésantignes
0%
148 10 Crespy-le-Neuf
0%
12975 57 Creutzwald
0%
388 54 Crévéchamps
0%
951 54 Crévic
0%
295 54 Crézilles
0%
110 54 Crion
0%
182 67 Crœttwiller
0%
654 54 Croismare
0%
676 51 Crugny
0%
1588 54 Crusnes
0%
415 51 Cuchery
0%
382 51 Cuis
0%
128 51 Cuisles
0%
47 55 Cuisy
0%
130 55 Culey
0%
762 51 Cumières
0%
0 55 Cumières-le-Mort-Homme
0%
18 55 Cunel
0%
178 10 Cunfin
0%
227 51 Cuperly
0%
415 52 Curel
0%
13 52 Curmont
0%
284 52 Cusey
0%
202 10 Cussangy
0%
1079 54 Cutry
0%
27 52 Cuves
0%
1832 67 Dachstein
0%
83 55 Dagonville
0%
800 67 Dahlenheim
0%
356 8 Daigny
0%
66 52 Daillancourt
0%
72 52 Daillecourt
0%
129 55 Dainville-Bertheléville
0%
1234 67 Dalhunden
0%
382 57 Dalstein
0%
278 88 Damas-aux-Bois
0%
374 88 Damas-et-Bettegney
0%
256 88 Damblain
0%
3165 54 Damelevières
0%
1372 51 Damery
0%
133 55 Damloup
0%
390 55 Dammarie-sur-Saulx
0%
199 52 Dammartin-sur-Meuse
0%
459 8 Damouzy
0%
391 52 Dampierre
0%
336 10 Dampierre
0%
276 51 Dampierre-au-Temple
0%
116 51 Dampierre-le-Château
0%
118 51 Dampierre-sur-Moivre
0%
58 54 Dampvitoux
0%
202 52 Damrémont
0%
693 55 Damvillers
0%
201 52 Dancevoir
0%
716 67 Dangolsheim
0%
207 55 Dannevoux
0%
68 88 Darney-aux-Chênes
0%
458 67 Daubensand
0%
1456 67 Dauendorf
0%
227 10 Davrey
0%
356 67 Dehlingen
0%
58 88 Deinvillers
0%
116 55 Delouze-Rosières
0%
120 55 Delut
0%
524 55 Demange-Baudignécourt
0%
255 88 Denipaire
0%
285 57 Denting
0%
111 88 Derbamont
0%
104 57 Desseling
0%
1497 68 Dessenheim
0%
249 88 Destord
0%
410 54 Deuxville
0%
1051 8 Deville
0%
319 88 Deycimont
0%
1394 88 Deyvillers
0%
231 57 Diane-Capelle
0%
500 54 Diarville
0%
1714 57 Diebling
0%
353 67 Diedendorf
0%
659 67 Dieffenbach-au-Val
0%
353 67 Dieffenbach-lès-Wœrth
0%
290 68 Diefmatten
0%
1632 67 Diemeringen
0%
196 55 Dieppe-sous-Douaumont
0%
270 10 Dierrey-Saint-Julien
0%
317 10 Dierrey-Saint-Pierre
0%
1073 57 Diesen
0%
1475 68 Dietwiller
0%
355 57 Diffembach-lès-Hellimer
0%
219 88 Dignonville
0%
333 67 Dimbsthal
0%
1228 67 Dingsheim
0%
649 88 Dinozé
0%
1534 67 Dinsheim-sur-Bruche
0%
65 52 Dinteville
0%
1863 57 Distroff
0%
1517 51 Dizy
0%
883 88 Docelles
0%
101 88 Dolaincourt
0%
143 54 Dolcourt
0%
486 68 Dolleren
0%
80 88 Dombasle-devant-Darney
0%
400 55 Dombasle-en-Argonne
0%
121 88 Dombasle-en-Xaintois
0%
79 52 Domblain
0%
141 55 Dombras
0%
381 88 Dombrot-le-Sec
0%
243 88 Dombrot-sur-Vair
0%
412 54 Domèvre-en-Haye
0%
58 88 Domèvre-sous-Montfort
0%
429 88 Domèvre-sur-Avière
0%
278 88 Domèvre-sur-Durbion
0%
324 54 Domèvre-sur-Vezouze
0%
286 67 Domfessel
0%
261 54 Domjevin
0%
176 88 Domjulien
0%
90 54 Dommarie-Eulmont
0%
175 52 Dommarien
0%
583 54 Dommartemont
0%
398 88 Dommartin-aux-Bois
0%
68 51 Dommartin-Dampierre
0%
32 54 Dommartin-la-Chaussée
0%
52 55 Dommartin-la-Montagne
0%
57 10 Dommartin-le-Coq
0%
243 52 Dommartin-le-Franc
0%
289 52 Dommartin-le-Saint-Père
0%
1929 88 Dommartin-lès-Remiremont
0%
53 88 Dommartin-lès-Vallois
0%
159 51 Dommartin-Lettrée
0%
304 54 Dommartin-sous-Amance
0%
58 51 Dommartin-sous-Hans
0%
301 88 Dommartin-sur-Vraine
0%
145 51 Dommartin-Varimont
0%
188 8 Dommery
0%
86 57 Domnom-lès-Dieuze
0%
356 55 Dompcevrin
0%
38 55 Dompierre-aux-Bois
0%
126 51 Dompremy
0%
100 54 Domprix
0%
351 88 Domptail
0%
73 54 Domptail-en-l'Air
0%
33 55 Domremy-la-Canne
0%
78 52 Domremy-Landéville
0%
108 88 Domvallier
0%
140 88 Doncières
0%
57 55 Doncourt-aux-Templiers
0%
1161 54 Doncourt-lès-Conflans
0%
294 54 Doncourt-lès-Longuyon
0%
38 52 Doncourt-sur-Meuse
0%
396 52 Donjeux
0%
96 57 Donjeux
0%
191 57 Donnelay
0%
75 10 Donnement
0%
355 67 Donnenheim
0%
262 51 Dontrien
0%
315 10 Dosches
0%
104 10 Dosnon
0%
312 67 Dossenheim-Kochersberg
0%
1064 67 Dossenheim-sur-Zinsel
0%
79 55 Douaumont-Vaux
0%
814 52 Doulaincourt-Saucourt
0%
438 55 Doulcon
0%
21 52 Doulevant-le-Petit
0%
73 8 Doumely-Bégny
0%
876 88 Dounoux
0%
104 8 Doux
0%
616 67 Drachenbronn-Birlenbach
0%
93 8 Draize
0%
88 8 Dricourt
0%
218 51 Drosnay
0%
147 51 Drouilly
0%
360 10 Droupt-Saint-Basle
0%
241 10 Droupt-Sainte-Marie
0%
222 54 Drouville
0%
1456 67 Drulingen
0%
5301 67 Drusenheim
0%
1339 55 Dugny-sur-Meuse
0%
656 55 Dun-sur-Meuse
0%
664 67 Duntzenheim
0%
675 67 Durningen
0%
1113 67 Durrenbach
0%
1021 68 Durrenentzen
0%
433 67 Durstel
0%
2877 67 Duttlenheim
0%
45 55 Duzey
0%
435 67 Eberbach-Seltz
0%
573 67 Ebersmunster
0%
967 57 Ébersviller
0%
92 10 Échemines
0%
92 52 Échenay
0%
433 67 Eckartswiller
0%
1395 67 Eckwersheim
0%
98 51 Éclaires
0%
99 10 Éclance
0%
2066 52 Éclaron-Braucourt-Sainte-Livière
0%
174 8 Écly
0%
59 51 Écollemont
0%
308 8 Écordal
0%
40 52 Ecot-la-Combe
0%
520 55 Écouviez
0%
174 51 Écriennes
0%
325 51 Écueil
0%
116 55 Écurey-en-Verdunois
0%
59 51 Écury-le-Repos
0%
63 52 Effincourt
0%
388 68 Eglingen
0%
528 57 Éguelshardt
0%
118 10 Éguilly-sous-Bois
0%
537 67 Eichhoffen
0%
263 55 Eix
0%
256 68 Elbach
0%
83 51 Élise-Daucourt
0%
3168 88 Éloyes
0%
813 67 Elsenheim
0%
420 57 Elvange
0%
257 54 Emberménil
0%
310 68 Emlingen
0%
64 52 Enfonvelle
0%
33 10 Engente
0%
490 67 Engwiller
0%
513 88 Entre-deux-Eaux
0%
2510 67 Entzheim
0%
144 10 Épagne
0%
126 51 Épense
0%
2331 67 Epfig
0%
201 54 Épiez-sur-Chiers
0%
42 55 Épiez-sur-Meuse
0%
78 55 Épinonville
0%
163 52 Épizon
0%
164 10 Épothémont
0%
425 51 Époye
0%
577 57 Epping
0%
72 54 Erbéviller-sur-Amezule
0%
435 57 Erching
0%
305 67 Erckartswiller
0%
1457 67 Ergersheim
0%
188 55 Érize-la-Brûlée
0%
49 55 Érize-la-Petite
0%
191 55 Érize-Saint-Dizier
0%
518 57 Ernestviller
0%
147 55 Erneville-aux-Bois
0%
1904 67 Ernolsheim-Bruche
0%
601 67 Ernolsheim-lès-Saverne
0%
707 54 Errouville
0%
195 57 Erstroff
0%
69 51 Escardes
0%
974 67 Eschbach
0%
376 68 Eschbach-au-Val
0%
478 67 Eschbourg
0%
188 67 Eschwiller
0%
644 51 Esclavolles-Lurey
0%
428 88 Escles
0%
348 8 Escombres-et-le-Chesnois
0%
188 88 Esley
0%
147 55 Esnes-en-Argonne
0%
298 52 Esnouveaux
0%
755 88 Essegney
0%
74 54 Essey-la-Côte
0%
85 8 Estrebay
0%
98 88 Estrennes
0%
100 8 Étalle
0%
502 8 Éteignières
0%
387 68 Eteimbes
0%
467 51 Étoges
0%
210 55 Éton
0%
165 10 Étourvy
0%
38 55 Étraye
0%
105 51 Étréchy
0%
161 10 Étrelles-sur-Aube
0%
295 8 Étrépigny
0%
124 51 Étrepy
0%
60 54 Étreval
0%
764 67 Ettendorf
0%
732 57 Etting
0%
1172 57 Etzling
0%
310 52 Euffigneix
0%
113 8 Euilly-et-Lombut
0%
1130 54 Eulmont
0%
111 54 Euvezin
0%
1675 55 Euville
0%
81 51 Euvy
0%
364 88 Évaux-et-Ménil
0%
193 8 Évigny
0%
94 55 Èvres
0%
37 8 Exermont
0%
280 67 Eywiller
0%
350 8 Fagnon
0%
2143 55 Fains-Véel
0%
263 8 Faissault
0%
347 8 Falaise
0%
211 68 Falkwiller
0%
62 8 FALSE
0%
36 52 Farincourt
0%
1374 57 Farschviller
0%
234 88 Faucompierre
0%
144 88 Fauconcourt
0%
1375 54 Faulx
0%
314 51 Faux-Fresnay
0%
247 51 Faux-Vésigneul
0%
214 10 Faux-Villecerf
0%
100 52 Faverolles
0%
588 51 Faverolles-et-Coëmy
0%
227 51 Favresse
0%
95 10 Fay-lès-Marcilly
0%
218 88 Fays
0%
69 52 Fays
0%
133 10 Fays-la-Chapelle
0%
114 54 Fécocourt
0%
1015 68 Feldkirch
0%
1625 68 Fellering
0%
104 54 Fenneviller
0%
267 8 Fépin
0%
741 88 Ferdrupt
0%
147 51 Fèrebrianges
0%
2212 51 Fère-Champenoise
0%
415 10 Ferreux-Quincey
0%
53 52 Ferrière-et-Lafolie
0%
317 54 Ferrières
0%
588 67 Fessenheim-le-Bas
0%
397 51 Festigny
0%
73 54 Fey-en-Haye
0%
49 88 Fignévelle
0%
519 54 Fillières
0%
785 57 Filstroff
0%
231 88 Fiménil
0%
405 68 Fislis
0%
79 52 Flagey
0%
103 8 Flaignes-Havys
0%
193 54 Flainval
0%
69 52 Flammerécourt
0%
45 55 Flassigny
0%
343 57 Flastroff
0%
1450 68 Flaxlanden
0%
225 8 Fleigneux
0%
910 57 Flétrange
0%
0 55 Fleury-devant-Douaumont
0%
525 51 Fleury-la-Rivière
0%
307 54 Fléville-Lixières
0%
566 57 Flévy
0%
492 67 Flexbourg
0%
178 8 Fligny
0%
394 54 Flin
0%
161 54 Flirey
0%
119 57 Flocourt
0%
2347 8 Floing
0%
489 88 Florémont
0%
229 51 Florent-en-Argonne
0%
230 55 Foameix-Ornel
0%
250 8 Foisches
0%
1393 57 Folkling
0%
4019 57 Folschviller
0%
151 88 Fomerey
0%
232 51 Fontaine-Denis-Nuisy
0%
12 51 Fontaine-en-Dormois
0%
625 10 Fontaine-Mâcon
0%
40 55 Fontaines-Saint-Clair
0%
148 52 Fontaines-sur-Marne
0%
339 51 Fontaine-sur-Ay
0%
480 88 Fontenay
0%
72 10 Fontenay-de-Bossery
0%
309 54 Fontenoy-la-Joûte
0%
530 88 Fontenoy-le-Château
0%
383 54 Fontenoy-sur-Moselle
0%
142 57 Fonteny
0%
188 10 Fontette
0%
143 54 Forcelles-Saint-Gorgon
0%
94 54 Forcelles-sous-Gugney
0%
67 52 Forcey
0%
126 55 Forges-sur-Meuse
0%
776 67 Forstfeld
0%
598 67 Forstheim
0%
290 67 Fort-Louis
0%
1202 68 Fortschwihr
0%
57 8 Fossé
0%
196 57 Fossieux
0%
60 55 Foucaucourt-sur-Thabas
0%
46 88 Fouchécourt
0%
533 10 Fouchères
0%
126 55 Fouchères-aux-Bois
0%
655 67 Fouchy
0%
345 67 Fouday
0%
705 52 Foulain
0%
196 57 Fouligny
0%
100 57 Foville
0%
189 8 Fraillicourt
0%
399 54 Fraimbois
0%
127 88 Frain
0%
101 54 Fraisnes-en-Saintois
0%
2875 88 Fraize
0%
87 10 Fralignes
0%
158 52 Frampas
0%
790 57 Francaltroff
0%
602 8 Francheval
0%
294 54 Francheville
0%
197 51 Francheville
0%
64 54 Franconville
0%
207 88 Frapelle
0%
40 10 Fravaux
0%
350 88 Frebécourt
0%
98 52 Frécourt
0%
1343 68 Fréland
0%
217 54 Fréménil
0%
127 55 Frémeréville-sous-les-Côtes
0%
88 57 Frémery
0%
311 57 Frémestroff
0%
443 88 Fremifontaine
0%
199 54 Frémonville
0%
112 88 Frenelle-la-Grande
0%
47 88 Frenelle-la-Petite
0%
56 88 Frénois
0%
52 10 Fresnay
0%
170 55 Fresnes-au-Mont
0%
154 52 Fresnes-sur-Apance
0%
424 54 Fresnois-la-Montagne
0%
301 10 Fresnoy-le-Château
0%
1754 88 Fresse-sur-Moselle
0%
135 88 Fréville
0%
438 57 Freybouse
0%
376 54 Friauville
0%
276 67 Friedolsheim
0%
1821 51 Frignicourt
0%
516 88 Frizon
0%
849 68 Frœningen
0%
500 67 Frœschwiller
0%
165 67 Frohmuhl
0%
90 55 Froidos
0%
714 54 Frolois
0%
1070 8 Fromelennes
0%
383 51 Fromentières
0%
211 55 Fromeréville-les-Vallons
0%
61 55 Fromezey
0%
86 8 Fromy
0%
310 52 Fronville
0%
124 54 Froville
0%
43 10 Fuligny
0%
428 67 Furchhausen
0%
1482 67 Furdenheim
0%
148 55 Futeau
0%
839 68 Galfingue
0%
3068 57 Gandrange
0%
608 51 Gaye
0%
448 68 Geishouse
0%
517 68 Geispitzen
0%
314 68 Geiswasser
0%
395 67 Geiswiller-Zœbersdorf
0%
172 54 Gélacourt
0%
744 10 Gélannes
0%
54 54 Gélaucourt
0%
82 54 Gellenoncourt
0%
221 57 Gelucourt
0%
108 88 Gelvécourt-et-Adompt
0%
147 88 Gemaingoutte
0%
147 88 Gemmelaincourt
0%
77 54 Gémonville
0%
108 88 Gendreville
0%
133 52 Genevrières
0%
297 55 Génicourt-sur-Meuse
0%
363 88 Gerbamont
0%
231 54 Gerbécourt-et-Haplemont
0%
597 88 Gerbépal
0%
1353 54 Gerbéviller
0%
113 55 Gercourt-et-Drillancourt
0%
51 52 Germaines
0%
90 52 Germainvilliers
0%
50 52 Germay
0%
177 51 Germigny
0%
188 51 Germinon
0%
209 54 Germiny
0%
18 52 Germisay
0%
49 8 Germont
0%
124 54 Germonville
0%
320 8 Gernelle
0%
1279 67 Gertwiller
0%
54 55 Géry
0%
59 55 Gesnes-en-Argonne
0%
2655 67 Geudertheim
0%
634 55 Geville
0%
183 54 Gézoncourt
0%
174 54 Gibeaumeix
0%
143 52 Giey-sur-Aujon
0%
278 51 Giffaumont-Champaubert
0%
78 88 Gignéville
0%
57 88 Gigney
0%
244 51 Gigny-Bussy
0%
275 68 Gildwiller
0%
123 52 Gillancourt
0%
34 52 Gillaumé
0%
68 52 Gilley
0%
42 55 Gimécourt
0%
64 55 Gincrey
0%
1365 54 Giraumont
0%
82 55 Girauvoisin
0%
197 88 Gircourt-lès-Viéville
0%
73 54 Giriviller
0%
270 88 Girmont-Val-d'Ajol
0%
167 8 Girondelle
0%
1083 8 Givonne
0%
294 55 Givrauval
0%
89 8 Givron
0%
71 51 Givry-lès-Loisy
0%
120 51 Gizaucourt
0%
844 8 Glaire
0%
189 51 Glannes
0%
266 57 Glatigny
0%
373 54 Glonville
0%
119 88 Godoncourt
0%
210 67 Gœrlingen
0%
1085 67 Gœrsdorf
0%
52 54 Gogney
0%
346 57 Goin
0%
282 68 Goldbach-Altenbach
0%
484 57 Gomelange
0%
390 68 Gommersdorf
0%
327 8 Gomont
0%
182 54 Gondrecourt-Aix
0%
1082 55 Gondrecourt-le-Château
0%
2722 54 Gondreville
0%
36 54 Gondrexon
0%
2950 54 Gorcy
0%
175 88 Gorhey
0%
591 57 Gosselming
0%
387 67 Gottenhouse
0%
364 67 Gottesheim
0%
556 67 Gougenheim
0%
64 55 Gouraincourt
0%
150 51 Gourgançon
0%
119 55 Goussaincourt
0%
429 54 Goviller
0%
854 67 Goxwiller
0%
216 52 Graffigny-Chemin
0%
102 8 Grandchamp
0%
76 52 Grandchamp
0%
368 54 Grand-Failly
0%
384 67 Grandfontaine
0%
40 8 Grandham
0%
531 8 Grandpré
0%
79 88 Grandrupt
0%
79 88 Grandrupt-de-Bains
0%
747 88 Grandvillers
0%
2661 88 Granges-Aumontzey
0%
189 51 Granges-sur-Aube
0%
261 67 Grassendorf
0%
24 51 Gratreuil
0%
631 51 Grauves
0%
105 57 Grémecey
0%
41 55 Gremilly
0%
154 52 Grenant
0%
1242 67 Grendelbruch
0%
116 57 Gréning
0%
1676 67 Gresswiller
0%
2914 67 Gries
0%
705 68 Griesbach-au-Val
0%
2297 67 Griesheim-près-Molsheim
0%
1255 67 Griesheim-sur-Souffel
0%
48 88 Grignoncourt
0%
103 55 Grimaucourt-en-Woëvre
0%
85 55 Grimaucourt-près-Sampigny
0%
96 54 Grimonviller
0%
326 57 Grindorff-Bizing
0%
269 54 Gripport
0%
142 54 Griscourt
0%
188 8 Grivy-Loisy
0%
54 54 Grosrouvres
0%
665 57 Grostenquin
0%
234 88 Gruey-lès-Surance
0%
673 57 Grundviller
0%
812 68 Grussenheim
0%
105 8 Gruyères
0%
288 52 Gudmont-Villiers
0%
885 68 Gueberschwihr
0%
62 57 Guébestroff
0%
149 57 Guéblange-lès-Dieuze
0%
523 8 Gué-d'Hossus
0%
1460 68 Guémar
0%
7661 57 Guénange
0%
695 57 Guenviller
0%
92 57 Guermange
0%
248 55 Guerpont
0%
394 57 Guerstling
0%
878 57 Guerting
0%
930 57 Guessling-Hémering
0%
1898 51 Gueux
0%
145 68 Guevenatten
0%
1341 68 Guewenheim
0%
277 88 Gugnécourt
0%
78 54 Gugney
0%
169 88 Gugney-aux-Aulx
0%
280 8 Guignicourt-sur-Vence
0%
79 8 Guincourt
0%
91 52 Guindrecourt-aux-Ormes
0%
64 52 Guindrecourt-sur-Blaise
0%
339 57 Guinglange
0%
152 57 Guinkirchen
0%
65 57 Guinzeling
0%
1169 67 Gumbrechtshoffen
0%
227 10 Gumery
0%
3821 67 Gundershoffen
0%
747 68 Gundolsheim
0%
287 67 Gungwiller
0%
896 68 Gunsbach
0%
645 67 Gunstett
0%
382 57 Guntzviller
0%
33 55 Gussainville
0%
105 52 Guyonvelle
0%
485 10 Gyé-sur-Seine
0%
224 54 Hablainville
0%
240 57 Haboudange
0%
44 52 Hâcourt
0%
391 88 Hadigny-les-Verrières
0%
2459 88 Hadol
0%
661 67 Haegen
0%
131 88 Hagécourt
0%
113 54 Hagéville
0%
87 88 Hagnéville-et-Roncourt
0%
70 8 Hagnicourt
0%
62 54 Haigneville
0%
182 88 Haillainville
0%
591 55 Haironville
0%
118 57 Hallering
0%
145 55 Halles-sous-les-Côtes
0%
252 52 Hallignicourt
0%
71 54 Halloville
0%
313 57 Halstroff
0%
2930 57 Hambach
0%
377 8 Ham-les-Moines
0%
182 54 Hammeville
0%
100 54 Hamonville
0%
234 10 Hampigny
0%
2902 57 Ham-sous-Varsberg
0%
232 8 Ham-sur-Meuse
0%
148 54 Han-devant-Pierrepont
0%
280 67 Handschuheim
0%
1721 67 Hangenbieten
0%
124 55 Han-lès-Juvigny
0%
135 8 Hannappes
0%
19 57 Hannocourt
0%
471 8 Hannogne-Saint-Martin
0%
117 8 Hannogne-Saint-Rémy
0%
552 55 Hannonville-sous-les-Côtes
0%
256 54 Hannonville-Suzémont
0%
146 51 Hans
0%
272 55 Han-sur-Meuse
0%
263 57 Han-sur-Nied
0%
202 57 Hanviller
0%
106 57 Haraucourt-sur-Seille
0%
130 54 Harbouey
0%
80 88 Harchéchamp
0%
514 8 Harcy
0%
39 88 Hardancourt
0%
494 88 Haréville
0%
1115 57 Hargarten-aux-Mines
0%
492 8 Hargnies
0%
220 88 Harmonville
0%
690 88 Harol
0%
283 52 Harréville-les-Chanteurs
0%
46 8 Harricourt
0%
897 67 Harskirchen
0%
656 68 Hartmannswiller
0%
112 55 Harville
0%
315 57 Haspelschiedt
0%
1925 67 Hatten
0%
687 67 Hattmatt
0%
821 68 Hattstatt
0%
3458 54 Haucourt-Moulaine
0%
959 55 Haudainville
0%
233 55 Haudiomont
0%
89 54 Haudonville
0%
327 8 Haudrecy
0%
87 8 Haulmé
0%
0 55 Haumont-près-Samogneux
0%
304 51 Haussignémont
0%
143 51 Haussimont
0%
315 54 Haussonville
0%
980 52 Haute-Amance
0%
593 57 Haute-Kontz
0%
451 57 Haute-Vigneulles
0%
247 51 Hauteville
0%
119 8 Hauteville
0%
684 51 Hautvillers
0%
346 8 Hauviné
0%
256 57 Hayes
0%
154 57 Hazembourg
0%
538 68 Hecken
0%
443 67 Hegeney
0%
565 67 Heidolsheim
0%
680 68 Heidwiller
0%
714 67 Heiligenberg
0%
978 67 Heiligenstein
0%
5428 54 Heillecourt
0%
245 51 Heiltz-le-Hutier
0%
443 51 Heiltz-le-Maurupt
0%
287 51 Heiltz-l'Évêque
0%
668 68 Heimersdorf
0%
1383 68 Heimsbrunn
0%
490 57 Heining-lès-Bouzonville
0%
81 55 Heippes
0%
1069 68 Heiteren
0%
165 68 Heiwiller
0%
528 57 Hellimer
0%
500 57 Helstroff
0%
145 57 Hémilly
0%
501 57 Héming
0%
148 54 Hénaménil
0%
199 67 Hengwiller
0%
368 88 Hennecourt
0%
401 88 Hennezel
0%
730 57 Henridorff
0%
766 57 Henriville
0%
125 8 Herbeuval
0%
186 55 Herbeuville
0%
234 54 Herbéviller
0%
155 10 Herbisse
0%
1866 67 Herbitzheim
0%
957 67 Herbsheim
0%
133 88 Hergugney
0%
952 54 Hériménil
0%
221 57 Hermelange
0%
231 55 Herméville-en-Woëvre
0%
1425 51 Hermonville
0%
531 57 Herny
0%
279 88 Herpelmont
0%
126 51 Herpont
0%
213 8 Herpy-l'Arlésienne
0%
1898 68 Herrlisheim-près-Colmar
0%
4386 54 Herserange
0%
626 67 Hessenheim
0%
480 57 Hestroff
0%
344 68 Hettenschlag
0%
197 52 Heuilley-le-Grand
0%
490 51 Heutrégiville
0%
152 55 Hévilliers
0%
171 8 Hierges
0%
841 57 Hilsprich
0%
627 68 Hindlingen
0%
116 67 Hinsbourg
0%
81 67 Hinsingen
0%
1007 67 Hipsheim
0%
306 67 Hirschland
0%
2170 68 Hirsingue
0%
1499 68 Hirtzbach
0%
1328 68 Hirtzfelden
0%
399 67 Hochstett
0%
4637 67 Hœrdt
0%
196 54 Hoéville
0%
1155 67 Hoffen
0%
550 67 Hohengœft
0%
275 67 Hohfrankenheim
0%
388 68 Hohrod
0%
91 57 Holacourt
0%
441 57 Holling
0%
3850 67 Holtzheim
0%
1300 57 Holving
0%
564 57 Hombourg-Budange
0%
222 57 Honskirch
0%
6365 68 Horbourg-Wihr
0%
53 55 Horville-en-Ornois
0%
601 57 Hoste
0%
517 57 Hottviller
0%
284 55 Houdelaincourt
0%
320 54 Houdelmont
0%
137 8 Houdilcourt
0%
414 54 Houdreville
0%
449 88 Houécourt
0%
44 88 Houéville
0%
398 8 Houldizy
0%
80 51 Hourges
0%
2428 68 Houssen
0%
498 88 Housseras
0%
142 54 Housséville
0%
352 54 Hudiviller
0%
123 52 Huilliécourt
0%
305 51 Huiron
0%
77 51 Humbauville
0%
764 52 Humbécourt
0%
66 52 Humberville
0%
595 52 Humes-Jorquenay
0%
602 68 Hunawihr
0%
1375 57 Hundling
0%
377 68 Hundsbach
0%
640 67 Hunspach
0%
316 88 Hurbache
0%
1004 67 Hurtigheim
0%
524 68 Husseren-les-Châteaux
0%
1060 68 Husseren-Wesserling
0%
3925 54 Hussigny-Godbrange
0%
502 67 Huttendorf
0%
500 88 Hymont
0%
381 67 Ichtratzheim
0%
1170 88 Igney
0%
127 54 Igney
0%
436 51 Igny-Comblizy
0%
740 68 Illhaeusern
0%
212 52 Illoud
0%
1287 68 Illtal
0%
422 8 Illy
0%
46 8 Imécourt
0%
115 8 Inaumont
0%
345 67 Ingenheim
0%
353 67 Ingolsheim
0%
1215 67 Innenheim
0%
189 55 Inor
0%
602 57 Insming
0%
178 57 Insviller
0%
108 55 Ippécourt
0%
814 57 Ippling
0%
157 55 Iré-le-Sec
0%
177 88 Isches
0%
564 52 Is-en-Bassigny
0%
171 10 Isle-Aubigny
0%
468 10 Isle-Aumont
0%
959 51 Isles-sur-Suippe
0%
96 51 Isle-sur-Marne
0%
147 52 Isômes
0%
386 8 Issancourt-et-Rumel
0%
116 51 Isse
0%
115 67 Issenhausen
0%
3506 68 Issenheim
0%
2121 67 Ittenheim
0%
237 67 Itterswiller
0%
467 54 Jaillon
0%
77 88 Jainvillotte
0%
151 57 Jallaucourt
0%
557 51 Jâlons
0%
266 55 Jametz
0%
311 8 Jandun
0%
176 51 Janvilliers
0%
129 51 Janvry
0%
486 88 Jarménil
0%
175 10 Jasseines
0%
162 10 Jaucourt
0%
190 54 Jaulny
0%
157 10 Javernant
0%
374 54 Jeandelize
0%
1140 88 Jeanménil
0%
1388 68 Jebsheim
0%
139 88 Jésonville
0%
263 10 Jessains
0%
199 67 Jetterswiller
0%
481 10 Jeugny
0%
102 54 Jevoncourt
0%
1010 54 Jezainville
0%
661 8 Joigny-sur-Meuse
0%
106 51 Joiselle
0%
1018 52 Jonchery
0%
230 51 Jonchery-sur-Suippe
0%
1899 51 Jonchery-sur-Vesle
0%
99 10 Joncreuil
0%
116 51 Jonquery
0%
101 8 Jonval
0%
149 55 Jonville-en-Woëvre
0%
165 54 Joppécourt
0%
84 88 Jorxey
0%
292 54 Jouaville
0%
1142 54 Joudreville
0%
1444 57 Jouy-aux-Arches
0%
42 55 Jouy-en-Argonne
0%
224 51 Jouy-lès-Reims
0%
94 88 Jubainville
0%
226 10 Jully-sur-Sarce
0%
55 55 Julvécourt
0%
942 68 Jungholtz
0%
1275 8 Juniville
0%
270 88 Jussarupt
0%
209 51 Jussecourt-Minecourt
0%
173 8 Justine-Herbigny
0%
183 88 Juvaincourt
0%
120 10 Juvancourt
0%
36 10 Juvanzé
0%
73 57 Juvelize
0%
145 55 Juvigny-en-Perthois
0%
269 55 Juvigny-sur-Loison
0%
126 57 Juville
0%
56 54 Juvrecourt
0%
128 10 Juzanvigny
0%
213 52 Juzennecourt
0%
818 57 Kalhausen
0%
2482 67 Kaltenhouse
0%
409 57 Kappelkinger
0%
561 68 Katzenthal
0%
214 67 Kauffenheim
0%
4505 68 Kaysersberg Vignoble
0%
210 67 Keffenach
0%
176 57 Kemplich
0%
1229 57 Kerbach
0%
187 57 Kerprich-aux-Bois
0%
440 67 Kesseldorf
0%
555 67 Kienheim
0%
2539 67 Kilstett
0%
647 67 Kindwiller
0%
749 68 Kirchberg
0%
724 67 Kirchheim
0%
151 67 Kirrberg
0%
321 57 Kirsch-lès-Sierck
0%
482 57 Kirschnaumen
0%
141 57 Kirviller
0%
222 57 Klang
0%
157 67 Kleingœft
0%
202 67 Knœrsheim
0%
514 68 Kœstlach
0%
161 55 Kœur-la-Grande
0%
267 55 Kœur-la-Petite
0%
1007 67 Kolbsheim
0%
238 67 Krautwiller
0%
803 67 Kriegsheim
0%
949 68 Kruth
0%
1850 68 Kunheim
0%
1089 67 Kurtzenhouse
0%
653 67 Kuttolsheim
0%
933 67 Kutzenhausen
0%
2187 68 Labaroche
0%
39 8 La Berlière
0%
134 8 La Besace
0%
144 55 Labeuville
0%
923 88 La Bourgonce
0%
2696 67 La Broque
0%
1612 54 Labry
0%
110 51 La Caure
0%
142 51 La Celle-sous-Chantemerle
0%
34 10 La Chaise
0%
49 55 Lachalade
0%
945 57 Lachambre
0%
680 88 La Chapelle-aux-Bois
0%
87 52 Lachapelle-en-Blaisy
0%
49 51 La Chapelle-Felcourt
0%
86 51 La Chapelle-Lasson
0%
56 51 La Chapelle-sous-Orbais
0%
284 55 Lachaussée
0%
791 51 La Chaussée-sur-Marne
0%
339 51 La Cheppe
0%
342 51 Lachy
0%
156 8 La Croix-aux-Bois
0%
487 88 La Croix-aux-Mines
0%
83 51 La Croix-en-Champagne
0%
707 55 Lacroix-sur-Meuse
0%
77 52 Lafauche
0%
75 8 La Férée
0%
107 52 Laferté-sur-Amance
0%
311 52 Laferté-sur-Aube
0%
179 8 La Ferté-sur-Chiers
0%
220 51 La Forestière
0%
527 88 La Forge
0%
220 10 La Fosse-Corduan
0%
32 52 La Genevroye
0%
239 51 Lagery
0%
213 10 Lagesse
0%
499 54 Lagney
0%
137 88 La Grande-Fosse
0%
131 88 La Haye
0%
74 55 Lahaymeix
0%
30 55 Lahayville
0%
370 55 Laheycourt
0%
166 8 La Horgne
0%
544 88 La Houssière
0%
430 8 Laifour
0%
449 55 Laimont
0%
545 10 Laines-aux-Bois
0%
372 54 Laître-sous-Amance
0%
214 54 Laix
0%
491 67 Lalaye
0%
167 8 Lalobbe
0%
296 54 Lalœuf
0%
69 10 La Loge-Pomblin
0%
302 10 La Louptière-Thénard
0%
125 52 Lamancine
0%
187 54 Lamath
0%
499 57 Lambach
0%
76 8 Lametz
0%
296 55 Lamorville
0%
89 55 Lamouilly
0%
718 67 Lampertsloch
0%
33 8 Lançon
0%
251 57 Landange
0%
307 88 Landaville
0%
88 54 Landécourt
0%
194 67 Landersheim
0%
219 55 Landrecourt-Lempire
0%
146 54 Landremont
0%
74 8 Landres-et-Saint-Georges
0%
401 10 Landreville
0%
137 8 Landrichamps
0%
146 51 Landricourt
0%
63 52 Laneuvelle
0%
435 54 Laneuvelotte
0%
156 54 Laneuveville-derrière-Foug
0%
233 54 Laneuveville-devant-Bayon
0%
108 57 Laneuveville-lès-Lorquin
0%
387 88 La Neuveville-sous-Châtenois
0%
197 88 La Neuveville-sous-Montfort
0%
114 8 La Neuville-à-Maire
0%
66 52 Laneuville-à-Rémy
0%
551 51 La Neuville-au-Pont
0%
225 52 Laneuville-au-Pont
0%
197 55 Laneuville-au-Rupt
0%
357 8 La Neuville-aux-Joûtes
0%
189 51 La Neuville-aux-Larris
0%
559 8 La Neuville-en-Tourne-à-Fuy
0%
160 8 La Neuville-lès-Wasigny
0%
452 55 Laneuville-sur-Meuse
0%
128 54 Lanfroicourt
0%
923 67 Langensoultzbach
0%
153 88 Langley
0%
59 55 Lanhères
0%
641 57 Laning
0%
416 51 La Noue
0%
209 52 Lanques-sur-Rognon
0%
217 10 Lantages
0%
754 54 Lantéfontaine
0%
115 52 Lanty-sur-Aube
0%
74 88 La Petite-Fosse
0%
749 88 La Petite-Raon
0%
1890 68 Lapoutroie
0%
334 68 Largitzen
0%
123 52 Larivière-Arnoncourt
0%
134 8 La Romagne
0%
117 10 La Rothière
0%
277 51 Larzicourt
0%
690 10 La Saulsotte
0%
58 10 Lassicourt
0%
94 55 Latour-en-Woëvre
0%
298 52 Latrecey-Ormoy-sur-Aube
0%
324 67 Laubach
0%
582 10 Laubressel
0%
353 57 Laudrefang
0%
294 57 Laumesfeld
0%
693 8 Launois-sur-Vence
0%
265 57 Launstroff
0%
1517 68 Lautenbach
0%
965 68 Lautenbachzell
0%
930 68 Lauw
0%
117 88 La Vacheresse-et-la-Rouillie
0%
99 55 Lavallée
0%
247 8 Laval-Morency
0%
52 51 Laval-sur-Tourbe
0%
414 67 La Vancelle
0%
584 51 Lavannes
0%
905 10 Lavau
0%
591 88 Laveline-devant-Bruyères
0%
210 88 Laveline-du-Houx
0%
249 10 La Vendue-Mignot
0%
73 52 Lavernoy
0%
616 51 La Veuve
0%
240 52 Laville-aux-Bois
0%
28 10 La Ville-aux-Bois
0%
59 52 Lavilleneuve
0%
151 10 La Villeneuve-au-Châtelot
0%
423 10 La Villeneuve-au-Chêne
0%
69 52 Lavilleneuve-au-Roi
0%
126 51 La Villeneuve-lès-Charleville
0%
43 51 La Ville-sous-Orbais
0%
73 55 Lavincourt
0%
1712 88 La Vôge-les-Bains
0%
693 88 La Voivre
0%
155 55 Lavoye
0%
2428 54 Lay-Saint-Christophe
0%
344 54 Lay-Saint-Remy
0%
252 51 Le Baizil
0%
94 88 Le Beulay
0%
171 54 Lebeuville
0%
243 55 Le Bouchon-sur-Saulx
0%
380 51 Le Breuil
0%
91 51 Le Buisson
0%
276 8 L'Écaille
0%
200 52 Lecey
0%
157 52 Le Châtelet-sur-Meuse
0%
778 8 Le Châtelet-sur-Retourne
0%
169 8 Le Châtelet-sur-Sormonne
0%
63 51 Le Châtelier
0%
147 8 L'Échelle
0%
55 55 Le Claon
0%
494 88 Le Clerjus
0%
188 8 Leffincourt
0%
340 52 Leffonds
0%
58 8 Le Fréty
0%
522 51 Le Gault-Soigny
0%
64 88 Légéville-et-Bonfays
0%
902 68 Le Haut Soultzbach
0%
516 67 Le Hohwald
0%
947 68 Leimbach
0%
150 54 Leintrey
0%
477 57 Lelling
0%
396 54 Lemainville
0%
1593 67 Lembach
0%
1458 57 Lemberg
0%
300 51 Le Meix-Saint-Epoing
0%
167 51 Le Meix-Tiercelin
0%
1028 88 Le Ménil
0%
3 54 Leménil-Mitry
0%
634 10 Le Mériot
0%
1063 51 Le Mesnil-sur-Oger
0%
28 88 Lemmecourt
0%
238 55 Lemmes
0%
15 8 Le Mont-Dieu
0%
1168 52 Le Montsaugeonnais
0%
543 57 Lemud
0%
68 55 Le Neufour
0%
199 57 Lengelsheim
0%
106 51 Lenharrée
0%
601 54 Lenoncourt
0%
277 52 Le Pailly
0%
292 10 Le Pavillon-Sainte-Julie
0%
672 51 L'Épine
0%
75 8 Lépron-les-Vallées
0%
115 88 Le Puid
0%
209 88 Le Roulier
0%
1427 55 Lérouville
0%
463 88 Lerrain
0%
56 88 Les Ableuvenettes
0%
325 88 Le Saulcy
0%
347 54 Les Baroches
0%
534 10 Les Bordes-Aumont
0%
116 51 Les Charmontois
0%
91 52 Leschères-sur-le-Blaiseron
0%
261 8 Les Deux-Villes
0%
251 51 Les Essarts-lès-Sézanne
0%
142 51 Les Essarts-le-Vicomte
0%
1880 88 Les Forges
0%
63 8 Les Grandes-Armoises
0%
403 10 Les Grandes-Chapelles
0%
281 51 Les Grandes-Loges
0%
1406 8 Les Hautes-Rivières
0%
725 55 Les Hauts-de-Chée
0%
719 55 Les Islettes
0%
95 51 Les Istres-et-Bury
0%
131 52 Les Loges
0%
296 10 Les Loges-Margueron
0%
491 54 Lesménils
0%
921 51 Les Mesneux
0%
306 10 Lesmont
0%
342 55 Les Monthairons
0%
425 55 Les Paroches
0%
60 8 Les Petites-Armoises
0%
500 51 Les Petites-Loges
0%
292 88 Les Poulières
0%
167 51 Les Rivières-Henruel
0%
28 55 Les Roises
0%
147 88 Lesseux
0%
322 55 Les Souhesmes-Rampont
0%
102 88 Les Thons
0%
126 55 Les Trois-Domaines
0%
122 88 Les Vallois
0%
301 88 Les Voivres
0%
1927 88 Le Syndicat
0%
115 8 Létanne
0%
3372 88 Le Thillot
0%
1574 88 Le Tholy
0%
108 51 Le Thoult-Trosnay
0%
383 8 Le Thour
0%
232 54 Létricourt
0%
77 52 Leuchey
0%
75 52 Leurville
0%
840 67 Leutenheim
0%
315 51 Leuvrigny
0%
418 52 Le Val-d'Esnoms
0%
75 88 Le Valtin
0%
91 52 Levécourt
0%
72 88 Le Vermont
0%
193 51 Le Vézier
0%
114 51 Le Vieil-Dampierre
0%
96 10 Lévigny
0%
254 68 Levoncourt
0%
60 55 Levoncourt
0%
3906 54 Lexy
0%
516 57 Leyviller
0%
120 52 Lezéville
0%
98 57 Lezey
0%
86 51 Lhéry
0%
143 57 Lhor
0%
293 10 Lhuître
0%
628 8 Liart
0%
556 67 Lichtenberg
0%
183 68 Liebenswiller
0%
304 68 Liebsdorf
0%
120 57 Liederschiedt
0%
1694 68 Lièpvre
0%
304 88 Liézey
0%
326 52 Liffol-le-Petit
0%
309 88 Lignéville
0%
223 10 Lignières
0%
57 55 Lignières-sur-Aire
0%
180 10 Lignol-le-Château
0%
123 51 Lignon
0%
318 68 Ligsdorf
0%
696 67 Limersheim
0%
308 54 Limey-Remenauville
0%
225 8 Linay
0%
348 68 Linsdorf
0%
600 68 Linthal
0%
112 51 Linthelles
0%
113 51 Linthes
0%
195 55 Liny-devant-Dun
0%
175 55 Lion-devant-Dun
0%
2696 67 Lipsheim
0%
106 10 Lirey
0%
73 88 Lironcourt
0%
138 54 Lironville
0%
87 8 Liry
0%
32 55 Lisle-en-Barrois
0%
482 55 L'Isle-en-Rigault
0%
109 51 Lisse-en-Champagne
0%
114 55 Lissey
0%
306 67 Littenheim
0%
1107 51 Livry-Louvercy
0%
385 67 Lixhausen
0%
865 57 Lixing-lès-Rouhling
0%
685 57 Lixing-lès-Saint-Avold
0%
660 67 Lobsann
0%
353 10 Loches-sur-Ource
0%
399 67 Lochwiller
0%
901 68 Logelheim
0%
157 8 Logny-Bogny
0%
523 67 Lohr
0%
303 55 Loisey
0%
120 55 Loison
0%
329 54 Loisy
0%
179 51 Loisy-en-Brie
0%
1133 51 Loisy-sur-Marne
0%
1399 51 Loivre
0%
83 88 Longchamp-sous-Châtenois
0%
127 55 Longchamps-sur-Aire
0%
387 10 Longchamp-sur-Aujon
0%
722 52 Longeau-Percey
0%
227 55 Longeaux
0%
144 10 Longeville-sur-Mogne
0%
2394 54 Longlaville
0%
87 10 Longpré-le-Sec
0%
131 10 Longueville-sur-Aube
0%
73 8 Longwé
0%
627 8 Lonny
0%
244 67 Lorentzen
0%
88 54 Lorey
0%
87 54 Loromontzey
0%
72 57 Lostroff
0%
922 57 Loupershouse
0%
76 55 Loupmont
0%
166 55 Louppy-le-Château
0%
114 55 Louppy-sur-Loison
0%
157 57 Loutzviller
0%
705 52 Louvemont
0%
0 55 Louvemont-Côte-du-Poivre
0%
94 52 Louvières
0%
229 54 Lubey
0%
244 88 Lubine
0%
33 68 Lucelle
0%
642 54 Lucey
0%
605 8 Lucquy
0%
695 51 Ludes
0%
773 68 Luemschwiller
0%
432 54 Lupcourt
0%
826 67 Lupstein
0%
391 88 Lusse
0%
767 68 Luttenbach-près-Munster
0%
1928 67 Lutzelhouse
0%
116 88 Luvigny
0%
480 51 Luxémont-et-Villotte
0%
470 10 Luyères
0%
116 55 Luzy-Saint-Martin
0%
286 52 Luzy-sur-Marne
0%
1013 10 Macey
0%
116 10 Machy
0%
768 67 Mackenheim
0%
555 67 Mackwiller
0%
71 88 Maconcourt
0%
48 88 Madecourt
0%
143 88 Madegney
0%
419 88 Madonne-et-Lamerey
0%
239 67 Maennolsheim
0%
59 51 Maffrécourt
0%
1709 51 Magenta
0%
162 10 Magnant
0%
271 51 Magneux
0%
163 52 Magneux
0%
91 10 Magnicourt
0%
285 54 Magnières
0%
263 10 Magny-Fouchard
0%
505 68 Magstatt-le-Bas
0%
298 68 Magstatt-le-Haut
0%
1546 54 Maidières
0%
645 51 Mailly-Champagne
0%
2064 10 Mailly-le-Camp
0%
332 57 Mainvillers
0%
571 54 Mairy-Mainville
0%
577 51 Mairy-sur-Marne
0%
73 8 Maisoncelle-et-Villers
0%
62 52 Maisoncelles
0%
33 10 Maison-des-Champs
0%
555 51 Maisons-en-Champagne
0%
813 67 Maisonsgoutte
0%
72 10 Maisons-lès-Soulaines
0%
28 55 Maizeray
0%
412 57 Maizeroy
0%
173 55 Maizey
0%
1548 10 Maizières-la-Grande-Paroisse
0%
160 10 Maizières-lès-Brienne
0%
97 52 Maizières-sur-Amance
0%
81 88 Malaincourt
0%
53 52 Malaincourt-sur-Meuse
0%
70 55 Malancourt
0%
79 8 Malandry
0%
135 57 Malaucourt-sur-Seille
0%
132 54 Malavillers
0%
1005 54 Malleloy
0%
660 57 Malling
0%
503 68 Malmerspach
0%
36 51 Malmy
0%
344 54 Mamey
0%
250 51 Mancy
0%
615 57 Manderen-Ritzing
0%
591 88 Mandray
0%
194 54 Mandres-aux-Quatre-Tours
0%
121 55 Mandres-en-Barrois
0%
560 52 Mandres-la-Côte
0%
567 88 Mandres-sur-Vair
0%
413 55 Mangiennes
0%
219 54 Mangonville
0%
151 55 Manheulles
0%
144 57 Manhoué
0%
459 52 Manois
0%
346 54 Manoncourt-en-Vermois
0%
252 54 Manoncourt-en-Woëvre
0%
168 54 Manonviller
0%
103 8 Manre
0%
548 68 Manspach
0%
240 57 Many
0%
222 52 Marac
0%
708 54 Marainviller
0%
97 88 Marainville-sur-Madon
0%
404 52 Maranville
0%
56 8 Maranwez
0%
101 52 Marbéville
0%
74 8 Marby
0%
68 55 Marchéville-en-Woëvre
0%
228 52 Marcilly-en-Bassigny
0%
644 51 Marcilly-sur-Seine
0%
100 8 Marcq
0%
1494 51 Mardeuil
0%
59 52 Mardor
0%
142 52 Mareilles
0%
110 51 Marfaux
0%
175 51 Margerie-Hancourt
0%
217 8 Margny
0%
132 51 Margny
0%
738 8 Margut
0%
45 57 Marimont-lès-Bénestroff
0%
133 8 Marlemont
0%
2756 67 Marmoutier
0%
340 52 Marnay-sur-Marne
0%
242 10 Marnay-sur-Seine
0%
871 51 Marolles
0%
115 10 Marolles-lès-Bailly
0%
344 10 Marolles-sous-Lignières
0%
833 54 Maron
0%
6 88 Maroncourt
0%
80 8 Marquigny
0%
49 51 Marsangis
0%
597 57 Marsilly
0%
288 51 Marson
0%
51 55 Marson-sur-Barboure
0%
64 8 Mars-sous-Bourcq
0%
48 54 Marthemont
0%
873 88 Martigny-les-Bains
0%
113 88 Martigny-les-Gerbonvaux
0%
93 54 Martincourt
0%
70 55 Martincourt-sur-Meuse
0%
135 88 Martinvelle
0%
75 8 Marvaux-Vieux
0%
3759 68 Masevaux-Niederbruck
0%
49 51 Massiges
0%
206 10 Mathaux
0%
72 52 Mathons
0%
158 51 Matignicourt-Goncourt
0%
637 51 Matougues
0%
69 54 Mattexey
0%
479 8 Matton-et-Clémency
0%
1103 8 Maubert-Fontaine
0%
51 55 Maucourt-sur-Orne
0%
111 55 Maulan
0%
104 10 Maupas
0%
593 51 Maurupt-le-Montois
0%
250 55 Mauvages
0%
290 55 Maxey-sur-Vaise
0%
264 88 Mazeley
0%
128 8 Mazerny
0%
284 54 Mazerulles
0%
239 88 Mazirot
0%
1212 57 Mécleuves
0%
216 55 Mécrin
0%
213 51 Mécringes
0%
61 88 Médonville
0%
247 54 Méhoncourt
0%
250 52 Melay
0%
92 55 Méligny-le-Grand
0%
78 55 Méligny-le-Petit
0%
586 67 Melsheim
0%
166 88 Méménil
0%
333 67 Memmelshoffen
0%
62 88 Ménarmont
0%
239 55 Menaucourt
0%
645 67 Menchhoffen
0%
121 8 Ménil-Annelles
0%
44 55 Ménil-aux-Bois
0%
133 88 Ménil-de-Senones
0%
156 88 Ménil-en-Xaintois
0%
165 55 Ménil-la-Horgne
0%
345 54 Ménil-la-Tour
0%
140 8 Ménil-Lépinois
0%
303 88 Ménil-sur-Belvitte
0%
258 55 Ménil-sur-Saulx
0%
70 52 Mennouveaux
0%
139 57 Menskirch
0%
1289 54 Mercy-le-Bas
0%
280 54 Mercy-le-Haut
0%
622 51 Merfy
0%
683 10 Mergey
0%
942 67 Merkwiller-Pechelbronn
0%
270 51 Merlaut
0%
153 55 Merles-sur-Loison
0%
95 52 Merrey
0%
328 10 Merrey-sur-Arce
0%
291 57 Merschweiller
0%
1488 57 Merten
0%
183 52 Mertrud
0%
200 68 Mertzen
0%
3415 67 Mertzwiller
0%
335 54 Merviller
0%
1302 68 Merxheim
0%
68 51 Méry-Prémecy
0%
1531 10 Méry-sur-Seine
0%
271 10 Mesgrigny
0%
91 8 Mesmont
0%
50 10 Mesnil-la-Comtesse
0%
57 10 Mesnil-Lettre
0%
619 10 Mesnil-Saint-Loup
0%
448 10 Mesnil-Saint-Père
0%
613 10 Mesnil-Sellières
0%
2000 54 Messein
0%
614 8 Messincourt
0%
477 10 Messon
0%
1057 68 Metzeral
0%
61 10 Metz-Robert
0%
136 52 Meures
0%
161 10 Meurville
0%
2331 54 Mexy
0%
2026 68 Meyenheim
0%
189 88 Midrevaux
0%
683 67 Mietesheim
0%
177 54 Mignéville
0%
619 54 Millery
0%
122 52 Millières
0%
152 55 Milly-sur-Bradon
0%
50 51 Minaucourt-le-Mesnil-lès-Hurlus
0%
227 54 Minorville
0%
693 67 Minversheim
0%
41 52 Mirbel
0%
628 67 Mittelbergheim
0%
858 68 Mittelwihr
0%
336 68 Mittlach
0%
392 68 Mitzach
0%
462 52 Moëslains
0%
327 51 Mœurs-Verdey
0%
76 55 Mogeville
0%
379 55 Mognéville
0%
245 8 Mogues
0%
201 51 Moiremont
0%
126 55 Moirey-Flabas-Crépion
0%
145 8 Moiry
0%
60 51 Moivre
0%
519 54 Moivrons
0%
109 10 Molins-sur-Aube
0%
348 68 Mollau
0%
921 67 Mollkirch
0%
4 57 Molring
0%
300 57 Momerstroff
0%
2263 67 Mommenheim
0%
615 54 Moncel-lès-Lunéville
0%
94 51 Moncetz-l'Abbaye
0%
147 57 Moncheux
0%
5758 57 Mondelange
0%
26 51 Mondement-Montgivroux
0%
191 8 Mondigny
0%
417 57 Monneren
0%
2049 67 Monswiller
0%
1103 54 Montauville
0%
60 55 Montblainville
0%
958 54 Mont-Bonvillers
0%
22 55 Montbras
0%
360 51 Montbré
0%
1641 57 Montbronn
0%
276 10 Montceaux-lès-Vaudes
0%
33 52 Montcharvot
0%
120 8 Montcheutin
0%
308 8 Montcornet
0%
103 55 Mont-devant-Sassey
0%
86 57 Montdidier
0%
414 54 Montenoy
0%
48 51 Montépreux
0%
300 55 Montfaucon-d'Argonne
0%
124 10 Montfey
0%
156 51 Montgenost
0%
72 8 Montgon
0%
352 51 Monthelon
0%
69 52 Montheries
0%
396 8 Monthois
0%
168 88 Monthureux-le-Sec
0%
914 88 Monthureux-sur-Saône
0%
228 10 Montier-en-l'Isle
0%
371 55 Montiers-sur-Saulx
0%
118 55 Montigny-devant-Sassey
0%
262 10 Montigny-les-Monts
0%
76 55 Montigny-lès-Vaucouleurs
0%
477 54 Montigny-sur-Chiers
0%
82 8 Montigny-sur-Meuse
0%
246 8 Montigny-sur-Vence
0%
517 51 Montigny-sur-Vesle
0%
56 8 Mont-Laurent
0%
305 88 Mont-lès-Neufchâteau
0%
96 54 Mont-l'Étroit
0%
63 10 Montmartin-le-Haut
0%
84 8 Montmeillant
0%
144 10 Montmorency-Beaufort
0%
37 88 Montmotier
0%
115 52 Montot-sur-Rognon
0%
160 55 Montplonne
0%
338 10 Montpothier
0%
292 10 Montreuil-sur-Barse
0%
141 52 Montreuil-sur-Blaise
0%
56 52 Montreuil-sur-Thonnance
0%
383 68 Montreux-Jeune
0%
918 68 Montreux-Vieux
0%
59 8 Mont-Saint-Remy
0%
117 51 Mont-sur-Courville
0%
1133 54 Mont-sur-Meurthe
0%
409 10 Montsuzain
0%
156 55 Montzéville
0%
133 52 Morancourt
0%
406 51 Morangis
0%
105 55 Moranville
0%
199 88 Morelmaison
0%
29 10 Morembert
0%
1105 54 Morfontaine
0%
111 55 Morgemoulin
0%
27 52 Morionvilliers
0%
430 88 Moriville
0%
94 54 Moriviller
0%
103 88 Morizécourt
0%
208 55 Morley
0%
143 51 Morsains
0%
126 57 Morville-lès-Vic
0%
153 54 Morville-sur-Seille
0%
284 10 Morvilliers
0%
294 51 Moslins
0%
1966 67 Mothern
0%
103 54 Mouaville
0%
31 52 Mouilleron
0%
110 55 Mouilly
0%
128 55 Moulainville
0%
184 55 Moulins-Saint-Hubert
0%
91 55 Moulotte
0%
77 8 Mouron
0%
668 10 Moussey
0%
569 57 Moussey
0%
566 88 Moussey
0%
103 54 Mousson
0%
793 51 Moussy
0%
1593 54 Moutiers
0%
314 54 Moutrot
0%
688 55 Mouzay
0%
231 88 Moyemont
0%
695 67 Muhlbach-sur-Bruche
0%
812 68 Muhlbach-sur-Munster
0%
455 67 Mulhausen
0%
820 67 Munchhausen
0%
1605 68 Munchhouse
0%
1312 68 Muntzenheim
0%
471 68 Munwiller
0%
167 68 Murbach
0%
197 8 Murtin-et-Bogny
0%
144 55 Murvaux
0%
251 54 Murville
0%
391 52 Mussey-sur-Marne
0%
1174 67 Mussig
0%
198 51 Mutigny
0%
2227 67 Muttersholtz
0%
471 67 Mutzenhouse
0%
6136 67 Mutzig
0%
141 55 Muzeray
0%
155 55 Naives-en-Blois
0%
821 55 Naives-Rosières
0%
229 55 Naix-aux-Forges
0%
590 68 Nambsheim
0%
79 55 Nançois-le-Grand
0%
376 55 Nançois-sur-Ornain
0%
306 51 Nanteuil-la-Forêt
0%
148 8 Nanteuil-sur-Aisne
0%
64 55 Nantillois
0%
87 55 Nant-le-Grand
0%
76 55 Nant-le-Petit
0%
90 55 Nantois
0%
116 57 Narbéfontaine
0%
235 52 Narcy
0%
538 67 Natzwiller
0%
809 88 Nayemont-les-Fosses
0%
340 57 Nébing
0%
684 67 Neewiller-près-Lauterbourg
0%
271 57 Nelling
0%
94 55 Nepvant
0%
96 51 Nesle-la-Reposte
0%
142 51 Nesle-le-Repons
0%
243 55 Nettancourt
0%
675 67 Neubois
0%
868 8 Neuflize
0%
77 8 Neufmaison
0%
232 54 Neufmaisons
0%
43 57 Neufmoulins
0%
40 57 Neufvillage
0%
804 67 Neugartheim-Ittlenheim
0%
398 67 Neuhaeusel
0%
592 52 Neuilly-l'Évêque
0%
310 52 Neuilly-sur-Suize
0%
343 57 Neunkirchen-lès-Bouzonville
0%
631 67 Neuve-Église
0%
66 52 Neuvelle-lès-Voisey
0%
177 8 Neuville-Day
0%
53 55 Neuville-en-Verdunois
0%
372 8 Neuville-lès-This
0%
165 55 Neuville-lès-Vaucouleurs
0%
344 8 Neuville-lez-Beaulieu
0%
334 67 Neuviller-la-Roche
0%
98 54 Neuviller-lès-Badonviller
0%
365 88 Neuvillers-sur-Fave
0%
251 54 Neuviller-sur-Moselle
0%
374 55 Neuville-sur-Ornain
0%
403 10 Neuville-sur-Seine
0%
452 10 Neuville-sur-Vanne
0%
217 55 Neuvilly-en-Argonne
0%
116 8 Neuvizy
0%
273 51 Neuvy
0%
1120 67 Neuwiller-lès-Saverne
0%
130 55 Nicey-sur-Aire
0%
749 68 Niederentzen
0%
1412 67 Niederhaslach
0%
1164 68 Niederhergheim
0%
977 67 Niederlauterbach
0%
890 67 Niedermodern
0%
572 68 Niedermorschwihr
0%
930 67 Niederrœdern
0%
297 67 Niedersoultzbach
0%
116 67 Niedersteinbach
0%
273 57 Niedervisse
0%
70 52 Ninville
0%
498 57 Nitting
0%
509 55 Nixéville-Blercourt
0%
116 10 Noé-les-Mallets
0%
46 10 Nogent-en-Othe
0%
539 51 Nogent-l'Abbesse
0%
83 52 Noidant-Chatenoy
0%
155 52 Noidant-le-Rocheux
0%
111 51 Noirlieu
0%
27 8 Noirval
0%
112 52 Nomécourt
0%
1977 88 Nomexy
0%
556 88 Nompatelize
0%
176 52 Noncourt-sur-le-Rongeant
0%
126 54 Nonhigny
0%
224 55 Nonsard-Lamarche
0%
194 88 Nonville
0%
56 88 Nonzeville
0%
946 67 Nordheim
0%
156 51 Norrois
0%
424 54 Norroy-le-Sec
0%
1223 54 Norroy-lès-Pont-à-Mousson
0%
127 88 Nossoncourt
0%
471 67 Nothalten
0%
119 8 Nouart
0%
245 55 Nouillonpont
0%
155 57 Nousseviller-lès-Bitche
0%
1211 57 Nousseviller-Saint-Nabor
0%
272 54 Noviant-aux-Prés
0%
512 8 Novion-Porcien
0%
800 8 Novy-Chevrières
0%
94 52 Noyers
0%
280 55 Noyers-Auzécourt
0%
679 8 Noyers-Pont-Maugis
0%
157 10 Nozay
0%
253 55 Nubécourt
0%
383 51 Nuisement-sur-Coole
0%
147 52 Nully
0%
1394 67 Obenheim
0%
1528 67 Oberbronn
0%
404 68 Oberbruck
0%
349 57 Oberdorff
0%
406 67 Oberdorf-Spachbach
0%
696 68 Oberentzen
0%
283 57 Obergailbach
0%
1792 67 Oberhaslach
0%
1291 68 Oberhergheim
0%
319 67 Oberhoffen-lès-Wissembourg
0%
3678 67 Oberhoffen-sur-Moder
0%
140 68 Oberlarg
0%
563 67 Oberlauterbach
0%
1734 67 Obermodern-Zutzendorf
0%
384 68 Obermorschwihr
0%
420 68 Obermorschwiller
0%
530 67 Oberrœdern
0%
1038 68 Obersaasheim
0%
405 67 Obersoultzbach
0%
235 67 Obersteinbach
0%
163 57 Obervisse
0%
170 52 Occey
0%
45 8 Oches
0%
524 54 Ochey
0%
1270 68 Oderen
0%
532 67 Odratzheim
0%
304 88 Oëlleville
0%
1153 67 Oermingen
0%
2765 57 Œting
0%
667 51 Œuilly
0%
2538 67 Offendorf
0%
157 88 Offroicourt
0%
818 67 Offwiller
0%
285 54 Ogéviller
0%
61 51 Ognes
0%
98 54 Ognéville
0%
1806 57 Ogy-Montoy-Flanville
0%
1332 67 Ohlungen
0%
1100 67 Ohnenheim
0%
153 51 Olizy
0%
243 8 Olizy-Primat
0%
204 55 Olizy-sur-Chiers
0%
75 88 Ollainville
0%
231 54 Olley
0%
508 67 Olwisheim
0%
193 54 Omelmont
0%
202 51 Omey
0%
43 8 Omicourt
0%
271 10 Onjon
0%
519 54 Onville
0%
548 51 Orbais-l'Abbaye
0%
3527 68 Orbey
0%
139 52 Orbigny-au-Mont
0%
105 52 Orbigny-au-Val
0%
105 52 Orcevaux
0%
375 51 Orconte
0%
346 52 Orges
0%
605 10 Origny-le-Sec
0%
56 57 Oriocourt
0%
77 52 Ormancey
0%
379 57 Ormersviller
0%
464 51 Ormes
0%
182 10 Ormes
0%
225 54 Ormes-et-Ville
0%
42 52 Ormoy-lès-Sexfontaines
0%
7 55 Ornes
0%
106 57 Oron
0%
69 52 Orquevaux
0%
1060 68 Orschwihr
0%
615 67 Orschwiller
0%
23 10 Ortillon
0%
84 88 Ortoncourt
0%
314 10 Orvilliers-Saint-Julien
0%
62 55 Osches
0%
864 68 Osenbach
0%
260 52 Osne-le-Val
0%
232 8 Osnes
0%
603 10 Ossey-les-Trois-Maisons
0%
1689 68 Ostheim
0%
828 67 Osthoffen
0%
42 54 Othe
0%
814 67 Ottersthal
0%
1343 67 Otterswiller
0%
444 57 Ottonville
0%
1584 67 Ottrott
0%
256 67 Ottwiller
0%
140 52 Oudincourt
0%
228 55 Ourches-sur-Meuse
0%
127 51 Outines
0%
89 52 Outremécourt
0%
81 51 Outrepont
0%
106 51 Oyes
0%
152 54 Ozerailles
0%
33 52 Ozières
0%
501 88 Padoux
0%
661 54 Pagney-derrière-Barine
0%
238 55 Pagny-la-Blanche-Côte
0%
233 57 Pagny-lès-Goin
0%
519 88 Pair-et-Grandrupt
0%
341 10 Paisy-Cosdon
0%
54 52 Palaiseul
0%
171 88 Pallegney
0%
180 54 Pannes
0%
110 52 Pansey
0%
119 55 Pareid
0%
245 54 Parey-Saint-Césaire
0%
167 88 Parey-sous-Montfort
0%
43 55 Parfondrupt
0%
488 51 Pargny-lès-Reims
0%
186 88 Pargny-sous-Mureau
0%
140 10 Pargues
0%
295 52 Parnoy-en-Bassigny
0%
47 52 Paroy-sur-Saulx
0%
172 54 Parroy
0%
48 10 Pars-lès-Chavanges
0%
824 10 Pars-lès-Romilly
0%
74 54 Parux
0%
208 51 Passavant-en-Argonne
0%
394 51 Passy-Grigny
0%
198 8 Pauvres
0%
69 51 Péas
0%
391 52 Peigney
0%
131 10 Pel-et-Der
0%
153 10 Périgny-la-Rose
0%
299 52 Perrancey-les-Vieux-Moulins
0%
112 52 Perrogney-les-Fontaines
0%
31 52 Perrusse
0%
512 52 Perthes
0%
310 8 Perthes
0%
69 10 Perthes-lès-Brienne
0%
677 67 Petersbach
0%
88 54 Petit-Failly
0%
213 10 Petit-Mesnil
0%
318 54 Petitmont
0%
222 57 Petit-Tenquin
0%
299 57 Pettoncourt
0%
70 54 Pettonville
0%
64 55 Peuvillers
0%
48 57 Pévange
0%
211 51 Pévy
0%
349 54 Pexonne
0%
326 67 Pfalzweyer
0%
1321 67 Pfulgriesheim
0%
983 57 Piblange
0%
118 88 Pierrefitte
0%
325 55 Pierrefitte-sur-Aire
0%
480 54 Pierre-la-Treiche
0%
154 52 Pierremont-sur-Amance
0%
87 51 Pierre-Morains
0%
96 54 Pierre-Percée
0%
138 88 Pierrepont-sur-l'Arentèle
0%
1225 51 Pierry
0%
256 55 Pillon
0%
114 55 Pintheville
0%
60 52 Pisseloup
0%
269 10 Plaines-Saint-Lange
0%
1647 88 Plainfaing
0%
982 10 Plancy-l'Abbaye
0%
316 52 Planrupt
0%
235 10 Planty
0%
118 52 Plesnoy
0%
187 10 Plessis-Barbuise
0%
847 51 Pleurs
0%
78 88 Pleuvezain
0%
251 51 Plichancourt
0%
766 51 Plivot
0%
4523 67 Plobsheim
0%
183 51 Pocancy
0%
178 8 Poilcourt-Sydney
0%
94 51 Poilly
0%
56 52 Poinsenot
0%
220 52 Poinson-lès-Fayl
0%
56 52 Poinson-lès-Grancey
0%
140 52 Poinson-lès-Nogent
0%
69 52 Poiseul
0%
72 51 Poix
0%
910 8 Poix-Terron
0%
63 10 Poligny
0%
330 10 Polisot
0%
184 10 Polisy
0%
492 51 Pomacle
0%
199 88 Pompierre
0%
1756 51 Pontfaverger-Moronvilliers
0%
107 51 Ponthion
0%
108 52 Pont-la-Ville
0%
109 88 Pont-lès-Bonfays
0%
188 88 Pont-sur-Madon
0%
135 55 Pont-sur-Meuse
0%
1180 10 Pont-sur-Seine
0%
2538 57 Porcelette
0%
1903 68 Porte du Ried
0%
1251 88 Portieux
0%
235 54 Port-sur-Seille
0%
132 51 Possesse
0%
215 57 Postroff
0%
119 51 Potangis
0%
530 10 Pouan-les-Vallées
0%
291 10 Pougy
0%
515 51 Pouillon
0%
179 55 Pouilly-sur-Meuse
0%
371 52 Poulangy
0%
201 51 Pourcy
0%
244 8 Pouru-aux-Bois
0%
1166 8 Pouru-Saint-Remy
0%
696 88 Poussay
0%
2002 88 Pouxeux
0%
180 10 Pouy-sur-Vannes
0%
81 52 Praslay
0%
87 10 Praslin
0%
252 54 Praye
0%
78 10 Précy-Notre-Dame
0%
185 10 Précy-Saint-Martin
0%
88 10 Prémierfait
0%
370 54 Prény
0%
204 52 Pressigny
0%
66 55 Pretz-en-Argonne
0%
914 67 Preuschdorf
0%
156 54 Preutin-Higny
0%
112 57 Prévocourt
0%
134 8 Prez
0%
283 52 Prez-sous-Lafauche
0%
443 51 Pringy
0%
208 67 Printzheim
0%
1389 8 Prix-lès-Mézières
0%
497 51 Prosnes
0%
563 51 Prouilly
0%
1443 88 Provenchères-et-Colroy
0%
154 88 Provenchères-lès-Darney
0%
242 10 Proverville
0%
375 10 Prugny
0%
217 10 Prunay-Belleville
0%
98 10 Prusy
0%
366 67 Puberg
0%
222 8 Puilly-et-Charbeaux
0%
115 8 Puiseux
0%
433 51 Puisieulx
0%
218 10 Puits-et-Nuisement
0%
1168 54 Pulligny
0%
55 54 Pulney
0%
5200 54 Pulnoy
0%
3176 68 Pulversheim
0%
158 88 Punerot
0%
569 8 Pure
0%
1040 57 Puttelange-lès-Thionville
0%
77 57 Puttigny
0%
122 54 Puxe
0%
236 54 Puxieux
0%
789 67 Quatzenheim
0%
89 51 Queudes
0%
98 54 Quevilloncourt
0%
80 8 Quilly
0%
138 55 Quincy-Landzécourt
0%
161 88 Racécourt
0%
771 52 Rachecourt-sur-Marne
0%
108 52 Rachecourt-Suzémont
0%
634 57 Racrange
0%
360 10 Radonvilliers
0%
1146 68 Raedersheim
0%
742 57 Rahling
0%
210 8 Raillicourt
0%
294 88 Rainville
0%
250 55 Raival
0%
100 55 Rambluzin-et-Benoite-Vaux
0%
190 55 Rambucourt
0%
180 88 Ramecourt
0%
234 68 Rammersmatt
0%
2001 88 Ramonchamp
0%
739 8 Rancennes
0%
47 10 Rances
0%
120 52 Rançonnières
0%
66 88 Rancourt
0%
181 55 Rancourt-sur-Ornain
0%
63 52 Rangecourt
0%
202 67 Rangen
0%
316 67 Ranrupt
0%
88 55 Ranzières
0%
1254 88 Raon-aux-Bois
0%
38 54 Raon-lès-Leau
0%
149 88 Raon-sur-Plaine
0%
23 88 Rapey
0%
32 51 Rapsécourt
0%
233 55 Rarécourt
0%
243 67 Ratzwiller
0%
835 8 Raucourt-et-Flaba
0%
210 67 Rauwiller
0%
483 88 Raves
0%
252 57 Raville
0%
101 54 Raville-sur-Sânon
0%
288 88 Rebeuville
0%
66 54 Réchicourt-la-Petite
0%
159 55 Récicourt
0%
77 54 Réclonville
0%
77 55 Récourt-le-Creux
0%
80 55 Reffroy
0%
124 88 Regnévelle
0%
52 55 Regnéville-sur-Meuse
0%
101 88 Regney
0%
394 8 Regniowez
0%
2035 68 Réguisheim
0%
362 88 Rehaincourt
0%
1065 54 Rehainviller
0%
210 88 Rehaupal
0%
145 54 Reherrey
0%
3872 54 Réhon
0%
309 67 Reichsfeld
0%
4431 67 Reichstett
0%
75 54 Reillon
0%
224 51 Reims-la-Brûlée
0%
456 67 Reinhardsmunster
0%
2011 68 Reiningue
0%
859 67 Reipertswiller
0%
204 88 Relanges
0%
179 8 Remaucourt
0%
326 55 Rembercourt-Sommaisne
0%
160 54 Rembercourt-sur-Mad
0%
147 57 Rémelfang
0%
326 57 Rémeling
0%
48 55 Remennecourt
0%
160 54 Remenoville
0%
614 54 Réméréville
0%
421 57 Rémering
0%
1072 57 Rémering-lès-Puttelange
0%
67 88 Remicourt
0%
60 51 Remicourt
0%
800 8 Remilly-Aillicourt
0%
258 8 Remilly-les-Pothées
0%
133 55 Remoiville
0%
450 88 Remomeix
0%
582 88 Remoncourt
0%
43 54 Remoncourt
0%
212 88 Removille
0%
123 88 Renauvoid
0%
136 57 Réning
0%
131 52 Rennepont
0%
203 8 Renneville
0%
110 54 Repaix
0%
81 88 Repel
0%
397 55 Resson
0%
1374 57 Retonfey
0%
282 67 Retschwiller
0%
711 68 Retzwiller
0%
408 67 Reutenbourg
0%
62 51 Reuves
0%
109 51 Réveillon
0%
127 55 Réville-aux-Bois
0%
203 67 Rexingen
0%
129 52 Reynel
0%
501 57 Rezonville-Vionville
0%
219 10 Rhèges
0%
49 55 Riaville
0%
68 55 Ribeaucourt
0%
2333 54 Richardménil
0%
264 52 Richebourg
0%
57 55 Richecourt
0%
358 57 Richeling
0%
366 67 Richtolsheim
0%
1138 67 Riedseltz
0%
199 51 Rieux
0%
158 10 Rigny-la-Nonneuse
0%
367 55 Rigny-la-Salle
0%
331 10 Rigny-le-Ferron
0%
51 55 Rigny-Saint-Martin
0%
1042 51 Rilly-la-Montagne
0%
235 10 Rilly-Sainte-Syre
0%
128 8 Rilly-sur-Aisne
0%
197 68 Rimbach-près-Guebwiller
0%
448 68 Rimbach-près-Masevaux
0%
198 68 Rimbachzell
0%
318 67 Rimsdorf
0%
469 67 Ringendorf
0%
926 67 Rittershoffen
0%
1367 52 Rives Dervoises
0%
194 52 Rivière-les-Fosses
0%
69 52 Rivières-le-Bois
0%
131 52 Rizaucourt-Buchey
0%
113 88 Robécourt
0%
794 55 Robert-Espagne
0%
65 52 Rochefort-sur-la-Côte
0%
555 52 Roches-Bettaincourt
0%
697 88 Rochesson
0%
576 52 Roches-sur-Marne
0%
168 52 Rochetaillée
0%
678 8 Rocquigny
0%
251 57 Rodalbe
0%
940 68 Roderen
0%
387 68 Rodern
0%
2334 67 Rœschwoog
0%
154 54 Rogéville
0%
478 68 Roggenhouse
0%
354 67 Rohr
0%
2355 57 Rohrbach-lès-Bitche
0%
1611 67 Rohrwiller
0%
224 8 Roizy
0%
1427 52 Rolampont
0%
265 57 Rolbing
0%
324 88 Rollainville
0%
125 55 Romagne-sous-les-Côtes
0%
190 55 Romagne-sous-Montfaucon
0%
285 68 Romagny
0%
327 51 Romain
0%
71 54 Romain
0%
50 88 Romain-aux-Bois
0%
90 52 Romain-sur-Meuse
0%
1209 67 Romanswiller
0%
790 68 Rombach-le-Franc
0%
221 51 Romigny
0%
377 88 Romont
0%
162 10 Roncenay
0%
102 55 Ronvaux
0%
49 57 Rorbach-lès-Dieuze
0%
375 68 Rorschwihr
0%
751 57 Rosbruck
0%
666 67 Rosenwiller
0%
5427 67 Rosheim
0%
231 54 Rosières-en-Haye
0%
374 51 Rosnay
0%
177 10 Rosnay-l'Hôpital
0%
1028 67 Rossfeld
0%
518 67 Rosteig
0%
1551 67 Rothau
0%
473 67 Rothbach
0%
478 67 Rott
0%
305 67 Rottelsheim
0%
51 52 Rouécourt
0%
25 52 Rouelles
0%
116 51 Rouffy
0%
110 52 Rougeux
0%
2048 57 Rouhling
0%
393 10 Rouilly-Sacey
0%
559 10 Rouilly-Saint-Loup
0%
1984 67 Rountzenheim-Auenheim
0%
1468 57 Roussy-le-Village
0%
106 54 Rouves
0%
597 55 Rouvres-en-Woëvre
0%
280 88 Rouvres-en-Xaintois
0%
461 88 Rouvres-la-Chétive
0%
113 10 Rouvres-les-Vignes
0%
74 52 Rouvres-sur-Aube
0%
212 55 Rouvrois-sur-Meuse
0%
198 55 Rouvrois-sur-Othain
0%
3 51 Rouvroy-Ripont
0%
577 8 Rouvroy-sur-Audry
0%
381 52 Rouvroy-sur-Marne
0%
509 88 Roville-aux-Chênes
0%
407 54 Royaumeix
0%
191 54 Rozelieures
0%
189 88 Rozerotte
0%
69 88 Rozières-sur-Mouzon
0%
66 8 Rubigny
0%
410 68 Ruederbach
0%
2421 68 Ruelisheim
0%
132 88 Rugney
0%
1075 68 Rumersheim-le-Haut
0%
288 8 Rumigny
0%
90 55 Rumont
0%
144 88 Ruppes
0%
355 52 Rupt
0%
377 55 Rupt-aux-Nonains
0%
45 55 Rupt-devant-Saint-Mihiel
0%
288 55 Rupt-en-Woëvre
0%
3602 88 Rupt-sur-Moselle
0%
47 55 Rupt-sur-Othain
0%
1256 67 Russ
0%
1290 57 Russange
0%
921 68 Rustenhart
0%
506 10 Ruvigny
0%
835 67 Saales
0%
598 67 Saasenheim
0%
375 51 Sacy
0%
604 67 Saessolsheim
0%
113 54 Saffais
0%
305 57 Sailly-Achâtel
0%
156 8 Saint-Aignan
0%
419 54 Saint-Ail
0%
1054 51 Saint-Amand-sur-Fion
0%
53 55 Saint-Amand-sur-Ornain
0%
2199 88 Saint-Amé
0%
66 55 Saint-André-en-Barrois
0%
598 10 Saint-Aubin
0%
178 55 Saint-Aubin-sur-Aire
0%
78 88 Saint-Baslemont
0%
77 54 Saint-Baussant
0%
242 10 Saint-Benoist-sur-Vanne
0%
455 88 Saint-Benoît-la-Chipotte
0%
396 10 Saint-Benoît-sur-Seine
0%
589 68 Saint-Bernard
0%
250 67 Saint-Blaise-la-Roche
0%
73 54 Saint-Boingt
0%
106 51 Saint-Bon
0%
70 52 Saint-Broingt-le-Bois
0%
236 52 Saint-Broingt-les-Fosses
0%
62 51 Saint-Chéron
0%
34 10 Saint-Christophe-Dodinicourt
0%
184 52 Saint-Ciergues
0%
865 54 Saint-Clément
0%
108 8 Saint-Clément-à-Arnes
0%
82 68 Saint-Cosme
0%
140 51 Sainte-Gemme
0%
198 54 Sainte-Geneviève
0%
456 88 Sainte-Hélène
0%
2351 88 Sainte-Marguerite
0%
202 51 Sainte-Marie-à-Py
0%
279 51 Sainte-Marie-du-Lac-Nuisement
0%
190 54 Sainte-Pôle
0%
175 57 Saint-Epvre
0%
253 8 Saint-Étienne-à-Arnes
0%
180 10 Saint-Étienne-sous-Barbuise
0%
339 51 Saint-Étienne-sur-Suippe
0%
434 51 Saint-Eulien
0%
248 51 Saint-Euphraise-et-Clairizet
0%
93 8 Sainte-Vaubourg
0%
220 8 Saint-Fergeux
0%
291 54 Saint-Firmin
0%
300 10 Saint-Flavy
0%
137 88 Saint-Genest
0%
696 51 Saint-Germain-la-Ville
0%
830 8 Saint-Germainmont
0%
231 55 Saint-Germain-sur-Meuse
0%
546 51 Saint-Gibrien
0%
388 88 Saint-Gorgon
0%
341 51 Saint-Hilaire-au-Temple
0%
191 55 Saint-Hilaire-en-Woëvre
0%
382 51 Saint-Hilaire-le-Grand
0%
353 51 Saint-Hilaire-le-Petit
0%
364 10 Saint-Hilaire-sous-Romilly
0%
994 68 Saint-Hippolyte
0%
351 51 Saint-Imoges
0%
99 8 Saint-Jean-aux-Bois
0%
412 10 Saint-Jean-de-Bonneval
0%
34 51 Saint-Jean-devant-Possesse
0%
117 88 Saint-Jean-d'Ormont
0%
380 55 Saint-Jean-lès-Buzy
0%
424 54 Saint-Jean-lès-Longuyon
0%
988 57 Saint-Jean-Rohrbach
0%
201 51 Saint-Jean-sur-Moivre
0%
91 51 Saint-Jean-sur-Tourbe
0%
239 55 Saint-Joire
0%
165 54 Saint-Julien-lès-Gorze
0%
142 55 Saint-Julien-sous-les-Côtes
0%
1449 51 Saint-Just-Sauvage
0%
105 8 Saint-Juvin
0%
146 8 Saint-Lambert-et-Mont-de-Jeux
0%
470 55 Saint-Laurent-sur-Othain
0%
394 10 Saint-Léger-sous-Brienne
0%
52 10 Saint-Léger-sous-Margerie
0%
1382 88 Saint-Léonard
0%
113 51 Saint-Léonard
0%
476 57 Saint-Louis-lès-Bitche
0%
74 51 Saint-Loup
0%
213 10 Saint-Loup-de-Buffigny
0%
346 8 Saint-Loup-en-Champagne
0%
133 52 Saint-Loup-sur-Aujon
0%
188 8 Saint-Loup-Terrier
0%
275 51 Saint-Lumier-en-Champagne
0%
41 51 Saint-Lumier-la-Populeuse
0%
232 10 Saint-Lupien
0%
355 8 Saint-Marceau
0%
166 51 Saint-Mard-lès-Rouffy
0%
65 51 Saint-Mard-sur-Auve
0%
119 51 Saint-Mard-sur-le-Mont
0%
115 51 Saint-Martin-aux-Champs
0%
370 10 Saint-Martin-de-Bossenay
0%
108 52 Saint-Martin-lès-Langres
0%
85 51 Saint-Martin-l'Heureux
0%
505 51 Saint-Masmes
0%
352 67 Saint-Maurice
0%
131 52 Saint-Maurice
0%
101 54 Saint-Maurice-aux-Forges
0%
346 55 Saint-Maurice-sous-les-Côtes
0%
183 88 Saint-Maurice-sur-Mortagne
0%
1402 88 Saint-Maurice-sur-Moselle
0%
125 88 Saint-Menge
0%
956 8 Saint-Menges
0%
902 10 Saint-Mesmin
0%
1877 88 Saint-Michel-sur-Meurthe
0%
201 8 Saint-Morel
0%
505 67 Saint-Nabor
0%
4249 88 Saint-Nabord
0%
141 10 Saint-Nabord-sur-Aube
0%
69 10 Saint-Nicolas-la-Chapelle
0%
206 51 Saint-Ouen-Domprot
0%
514 88 Saint-Ouen-lès-Parey
0%
318 10 Saint-Oulph
0%
314 54 Saint-Pancré
0%
66 8 Saint-Pierre-à-Arnes
0%
777 67 Saint-Pierre-Bois
0%
155 88 Saint-Pierremont
0%
75 8 Saint-Pierremont
0%
148 8 Saint-Pierre-sur-Vence
0%
155 55 Saint-Pierrevillers
0%
1203 10 Saint-Pouange
0%
74 88 Saint-Prancher
0%
122 8 Saint-Quentin-le-Petit
0%
124 51 Saint-Quentin-les-Marais
0%
119 51 Saint-Quentin-le-Verger
0%
103 51 Saint-Quentin-sur-Coole
0%
351 54 Saint-Remimont
0%
224 88 Saint-Remimont
0%
63 54 Saint-Rémy-aux-Bois
0%
102 55 Saint-Remy-la-Calonne
0%
54 8 Saint-Remy-le-Petit
0%
250 10 Saint-Remy-sous-Barbuise
0%
109 51 Saint-Remy-sous-Broyes
0%
344 51 Saint-Remy-sur-Bussy
0%
47 51 Saint-Saturnin
0%
34 54 Saint-Sauveur
0%
1146 52 Saints-Geosmes
0%
122 51 Saint-Souplet-sur-Py
0%
72 88 Saint-Stail
0%
156 54 Saint-Supplet
0%
241 52 Saint-Thiébault
0%
635 51 Saint-Thierry
0%
40 51 Saint-Thomas-en-Argonne
0%
310 68 Saint-Ulrich
0%
644 52 Saint-Urbain-Maconcourt
0%
74 10 Saint-Usage
0%
77 51 Saint-Utin
0%
103 88 Saint-Vallier
0%
174 52 Saint-Vallier-sur-Marne
0%
226 51 Saint-Vrain
0%
1487 54 Saizerais
0%
294 55 Salmagne
0%
596 67 Salmbach
0%
125 10 Salon
0%
176 57 Salonnes
0%
99 55 Samogneux
0%
709 55 Sampigny
0%
984 88 Sanchey
0%
339 54 Sancy
0%
172 88 Sandaucourt
0%
535 57 Sanry-lès-Vigy
0%
360 57 Sanry-sur-Nied
0%
130 88 Sans-Vallois
0%
157 54 Sanzey
0%
436 51 Sapignicourt
0%
527 8 Sapogne-et-Feuchères
0%
141 8 Sapogne-sur-Marche
0%
643 88 Sapois
0%
110 52 Sarcey
0%
273 51 Sarcy
0%
292 51 Saron-sur-Aube
0%
852 67 Sarrewerden
0%
392 52 Sarrey
0%
97 88 Sartes
0%
91 55 Sassey-sur-Meuse
0%
397 51 Saudoy
0%
45 52 Saudron
0%
195 55 Saudrupt
0%
228 8 Saulces-Champenoises
0%
65 10 Saulcy
0%
2378 88 Saulcy-sur-Meurthe
0%
51 52 Saulles
0%
82 55 Saulmory-Villefranche
0%
2399 54 Saulnes
0%
219 8 Sault-Saint-Remy
0%
121 55 Saulvaux
0%
101 54 Saulxerotte
0%
123 55 Saulx-lès-Champlon
0%
247 88 Saulxures-lès-Bulgnéville
0%
378 54 Saulxures-lès-Vannes
0%
2594 88 Saulxures-sur-Moselotte
0%
230 55 Sauvigny
0%
65 55 Sauvoy
0%
1042 10 Savières
0%
187 88 Savigny
0%
60 52 Savigny
0%
386 8 Savigny-sur-Aisne
0%
274 51 Savigny-sur-Ardres
0%
417 55 Savonnières-en-Perthois
0%
823 67 Schaeffersheim
0%
569 67 Schaffhouse-près-Seltz
0%
340 67 Schalkendorf
0%
1304 67 Scharrachbergheim-Irmstett
0%
873 67 Scheibenhard
0%
121 67 Scherlenheim
0%
3244 67 Scherwiller
0%
435 67 Schillersdorf
0%
2180 67 Schirmeck
0%
2293 67 Schirrhein
0%
731 67 Schirrhoffen
0%
1415 67 Schleithal
0%
330 57 Schmittviller
0%
314 57 Schneckenbusch
0%
1816 67 Schnersheim
0%
393 67 Schœnbourg
0%
705 67 Schœnenbourg
0%
454 67 Schopperten
0%
545 57 Schorbach
0%
774 68 Schweighouse-Thann
0%
764 67 Schwenheim
0%
488 57 Schwerdorff
0%
315 57 Schweyen
0%
343 67 Schwobsheim
0%
127 51 Scrupt
0%
59 8 Séchault
0%
1715 67 Seebach
0%
114 54 Seicheprey
0%
163 55 Seigneulles
0%
1785 57 Seingbouse
0%
185 54 Selaincourt
0%
3185 67 Seltz
0%
194 8 Semide
0%
114 52 Semilly
0%
206 10 Semoine
0%
749 52 Semoutiers-Montsaon
0%
88 8 Semuy
0%
187 88 Senaide
0%
105 55 Senoncourt-les-Maujouy
0%
134 88 Senonges
0%
1603 68 Sentheim
0%
159 8 Senuc
0%
510 68 Seppois-le-Haut
0%
47 55 Septsarges
0%
698 51 Sept-Saulx
0%
71 55 Sepvigny
0%
260 8 Seraincourt
0%
101 54 Seranville
0%
34 88 Seraumont
0%
236 88 Sercœur
0%
100 88 Serécourt
0%
4220 57 Serémange-Erzange
0%
1810 51 Sermaize-les-Bains
0%
958 67 Sermersheim
0%
583 51 Sermiers
0%
87 88 Serocourt
0%
382 52 Serqueux
0%
243 54 Serres
0%
672 54 Serrouville
0%
506 57 Servigny-lès-Raville
0%
482 57 Servigny-lès-Sainte-Barbe
0%
106 51 Servon-Melzicourt
0%
342 8 Sery
0%
215 51 Serzy-et-Prin
0%
2345 67 Sessenheim
0%
179 8 Seuil
0%
516 55 Seuil-d'Argonne
0%
90 55 Seuzey
0%
289 8 Sévigny-la-Forêt
0%
226 8 Sévigny-Waleppe
0%
508 68 Sewen
0%
732 54 Sexey-aux-Forges
0%
331 68 Sickert
0%
516 67 Siegen
0%
645 57 Siersthal
0%
388 67 Siewiller
0%
92 52 Signéville
0%
1369 8 Signy-l'Abbaye
0%
1207 8 Signy-le-Petit
0%
95 8 Signy-Montlibert
0%
1834 51 Sillery
0%
34 57 Silly-en-Saulnois
0%
714 57 Silly-sur-Nied
0%
151 55 Silmont
0%
635 67 Siltzheim
0%
34 52 Silvarouvres
0%
139 8 Singly
0%
146 88 Sionne
0%
104 54 Sionviller
0%
244 54 Sivry
0%
182 51 Sivry-Ante
0%
281 55 Sivry-la-Perche
0%
338 55 Sivry-sur-Meuse
0%
286 88 Socourt
0%
111 51 Sogny-aux-Moulins
0%
74 51 Sogny-en-l'Angle
0%
193 51 Soizy-aux-Bois
0%
98 67 Solbach
0%
256 10 Soligny-les-Étangs
0%
62 52 Sommancourt
0%
131 8 Sommauthe
0%
76 51 Somme-Bionne
0%
999 55 Sommedieue
0%
189 55 Sommeilles
0%
439 55 Sommelonne
0%
664 51 Sommepy-Tahure
0%
46 8 Sommerance
0%
1558 67 Sommerau
0%
85 52 Sommerécourt
0%
1001 54 Sommerviller
0%
503 51 Sommesous
0%
660 51 Somme-Suippe
0%
142 51 Somme-Tourbe
0%
313 10 Sommeval
0%
599 51 Somme-Vesle
0%
669 52 Sommevoire
0%
126 51 Somme-Yèvre
0%
206 51 Somsois
0%
98 8 Son
0%
44 88 Soncourt
0%
358 52 Soncourt-sur-Marne
0%
612 68 Sondernach
0%
323 68 Sondersdorf
0%
274 51 Songy
0%
785 68 Soppe-le-Bas
0%
391 57 Sorbey
0%
243 55 Sorbey
0%
212 8 Sorbon
0%
146 8 Sorcy-Bauthémont
0%
1074 55 Sorcy-Saint-Martin
0%
311 54 Sornéville
0%
255 51 Souain-Perthes-lès-Hurlus
0%
157 51 Soudé
0%
297 51 Soudron
0%
4850 67 Soufflenheim
0%
457 55 Souilly
0%
473 51 Soulanges
0%
99 52 Soulaucourt-sur-Mouzon
0%
144 51 Soulières
0%
398 10 Souligny
0%
749 68 Soultzbach-les-Bains
0%
1116 68 Soultzeren
0%
7176 68 Soultz-Haut-Rhin
0%
974 67 Soultz-les-Bains
0%
2432 68 Soultzmatt
0%
3206 67 Soultz-sous-Forêts
0%
69 52 Soyers
0%
238 67 Sparsbach
0%
1445 68 Spechbach
0%
837 55 Spincourt
0%
115 54 Sponville
0%
154 10 Spoy
0%
4088 68 Staffelfelden
0%
392 55 Stainville
0%
754 67 Stattmatten
0%
625 67 Steige
0%
1379 68 Steinbach
0%
1963 67 Steinbourg
0%
613 67 Steinseltz
0%
156 68 Sternenberg
0%
1832 67 Still
0%
41 8 Stonne
0%
202 68 Storckensohn
0%
1372 68 Stosswihr
0%
1095 67 Stotzheim
0%
347 68 Strueth
0%
228 67 Struth
0%
494 67 Stundwiller
0%
1689 67 Stutzheim-Offenheim
0%
107 8 Sugny
0%
110 51 Suizy-le-Franc
0%
2013 68 Sundhoffen
0%
1741 67 Surbourg
0%
215 88 Suriauville
0%
108 8 Sury
0%
376 52 Suzannecourt
0%
966 68 Tagolsheim
0%
126 55 Taillancourt
0%
409 8 Taillette
0%
180 8 Tailly
0%
1539 88 Taintrux
0%
107 8 Taizy
0%
107 51 Talus-Saint-Prix
0%
108 54 Tanconville
0%
410 55 Tannois
0%
649 54 Tantonville
0%
131 8 Tarzy
0%
637 54 Tellancourt
0%
517 88 Tendon
0%
1070 57 Tenteling
0%
64 52 Ternat
0%
132 8 Tétaigne
0%
783 57 Téterchen
0%
1298 57 Teting-sur-Nied
0%
102 51 Thaas
0%
188 67 Thal-Drulingen
0%
845 67 Thal-Marmoutier
0%
475 68 Thannenkirch
0%
615 67 Thanvillé
0%
250 54 Thélod
0%
420 8 Thelonne
0%
344 10 Thennelières
0%
83 8 Thénorgues
0%
132 88 They-sous-Montfort
0%
19 54 They-sous-Vaudemont
0%
204 54 Thézey-Saint-Martin
0%
1119 54 Thiaucourt-Regniéville
0%
602 54 Thiaville-sur-Meurthe
0%
295 51 Thibie
0%
157 10 Thieffrain
0%
587 88 Thiéfosse
0%
3263 55 Thierville-sur-Meuse
0%
1043 8 Thilay
0%
68 52 Thilleux
0%
31 55 Thillombois
0%
216 55 Thillot
0%
154 57 Thimonville
0%
662 8 Thin-le-Moutier
0%
105 88 Thiraucourt
0%
233 8 This
0%
275 52 Thivet
0%
36 52 Thol-lès-Millières
0%
688 52 Thonnance-lès-Joinville
0%
121 52 Thonnance-les-Moulins
0%
364 55 Thonne-la-Long
0%
132 55 Thonne-les-Près
0%
281 55 Thonne-le-Thil
0%
121 55 Thonnelle
0%
137 54 Thorey-Lyautey
0%
71 10 Thors
0%
272 8 Thugny-Trugny
0%
119 88 Thuillières
0%
92 54 Thumeréville
0%
251 67 Tieffenbach
0%
663 54 Tiercelet
0%
103 88 Tignécourt
0%
66 88 Tilleux
0%
244 51 Tilloy-et-Bellay
0%
283 55 Tilly-sur-Meuse
0%
178 57 Tincry
0%
107 8 Toges
0%
140 51 Togny-aux-Bœufs
0%
123 88 Tollaincourt
0%
689 54 Tonnoy
0%
566 52 Torcenay
0%
119 57 Torcheville
0%
466 10 Torcy-le-Grand
0%
79 10 Torcy-le-Petit
0%
29 52 Tornay
0%
1013 10 Torvilliers
0%
121 88 Totainville
0%
84 8 Touligny
0%
92 8 Tourcelles-Chaumont
0%
232 8 Tournavaux
0%
1091 8 Tournes
0%
1399 51 Tours-sur-Marne
0%
185 8 Tourteron
0%
668 67 Traenheim
0%
91 57 Tragny
0%
1049 10 Traînel
0%
157 51 Tramery
0%
28 54 Tramont-Émy
0%
92 54 Tramont-Lassus
0%
59 54 Tramont-Saint-André
0%
100 88 Trampot
0%
187 10 Trancault
0%
211 10 Trannes
0%
104 88 Tranqueville-Graux
0%
463 68 Traubach-le-Bas
0%
630 68 Traubach-le-Haut
0%
92 51 Trécon
0%
180 51 Tréfols
0%
224 52 Treix
0%
143 8 Tremblois-lès-Carignan
0%
152 8 Tremblois-lès-Rocroi
0%
1045 57 Trémery
0%
85 52 Trémilly
0%
615 55 Trémont-sur-Saulx
0%
257 88 Trémonzey
0%
445 51 Trépail
0%
69 55 Trésauvaux
0%
257 51 Treslon
0%
559 55 Tréveray
0%
446 67 Triembach-au-Val
0%
2651 54 Trieux
0%
576 51 Trigny
0%
594 67 Trimbach
0%
536 57 Tritteling-Redlach
0%
192 51 Trois-Fontaines-l'Abbaye
0%
444 52 Troisfontaines-la-Ville
0%
146 51 Trois-Puits
0%
848 51 Troissy
0%
339 57 Tromborn
0%
543 54 Trondes
0%
204 54 Tronville
0%
1360 55 Tronville-en-Barrois
0%
223 10 Trouans
0%
488 55 Troussey
0%
236 55 Troyon
0%
44 10 Turgy
0%
167 88 Ubexy
0%
385 68 Ueberstrass
0%
1019 68 Uffheim
0%
1692 68 Uffholtz
0%
722 54 Ugny
0%
113 55 Ugny-sur-Meuse
0%
698 67 Uhlwiller
0%
714 67 Uhrwiller
0%
188 51 Unchair
0%
2455 68 Ungersheim
0%
116 10 Unienville
0%
330 67 Urbeis
0%
449 68 Urbès
0%
1353 88 Uriménil
0%
805 68 Urschenheim
0%
374 54 Uruffe
0%
122 10 Urville
0%
58 88 Urville
0%
210 67 Uttenhoffen
0%
162 67 Uttwiller
0%
2337 88 Uxegney
0%
1066 88 Uzemain
0%
192 55 Vacherauville
0%
243 54 Vacqueville
0%
76 55 Vadelaincourt
0%
237 51 Vadenay
0%
267 55 Vadonville
0%
4008 88 Vagney
0%
519 57 Vahl-Ebersing
0%
153 57 Vahl-lès-Bénestroff
0%
248 57 Vahl-lès-Faulquemont
0%
44 52 Vaillant
0%
299 10 Vailly
0%
93 55 Valbois
0%
628 52 Valcourt
0%
385 10 Val-d'Auzon
0%
620 51 Val de Livre
0%
1873 52 Val-de-Meuse
0%
5075 67 Val-de-Moder
0%
580 51 Val-des-Marais
0%
131 51 Val-de-Vière
0%
438 68 Valdieu-Lutran
0%
1042 55 Val-d'Ornain
0%
574 54 Val-et-Châtillon
0%
1393 67 Valff
0%
238 88 Valfroicourt
0%
167 54 Valhey
0%
411 10 Vallant-Saint-Georges
0%
181 10 Vallentigny
0%
66 52 Valleret
0%
261 88 Valleroy-aux-Saules
0%
187 88 Valleroy-le-Sec
0%
167 10 Vallières
0%
151 54 Vallois
0%
3044 57 Valmont
0%
89 57 Valmunster
0%
288 51 Valmy
0%
181 52 Vals-des-Tilles
0%
173 51 Vanault-le-Châtel
0%
377 51 Vanault-les-Dames
0%
141 54 Vandelainville
0%
215 54 Vandeléville
0%
175 51 Vandeuil
0%
937 54 Vandières
0%
304 51 Vandières
0%
205 8 Vandy
0%
533 54 Vannes-le-Châtel
0%
463 57 Vany
0%
265 52 Varennes-sur-Amance
0%
515 57 Varize-Vaudoncourt
0%
24 88 Varmonzey
0%
50 55 Varnéville
0%
64 51 Vassimont-et-Chapelaine
0%
304 55 Vassincourt
0%
328 54 Vathiménil
0%
320 57 Vatimont
0%
318 55 Vaubecourt
0%
121 88 Vaubexy
0%
360 51 Vauchamps
0%
169 10 Vauchonvilliers
0%
338 51 Vauciennes
0%
498 51 Vauclerc
0%
75 10 Vaucogne
0%
61 54 Vaucourt
0%
339 51 Vaudemange
0%
729 10 Vaudes
0%
99 51 Vaudesincourt
0%
191 88 Vaudéville
0%
150 54 Vaudeville
0%
53 55 Vaudeville-le-Haut
0%
79 54 Vaudigny
0%
164 88 Vaudoncourt
0%
90 55 Vaudoncourt
0%
507 57 Vaudreching
0%
34 52 Vaudrecourt
0%
93 52 Vaudrémont
0%
121 10 Vaupoisson
0%
21 55 Vauquois
0%
55 52 Vauxbons
0%
132 8 Vaux-Champagne
0%
56 8 Vaux-en-Dieulet
0%
79 8 Vaux-lès-Mouron
0%
71 8 Vaux-lès-Mouzon
0%
62 55 Vaux-lès-Palameix
0%
46 8 Vaux-lès-Rubigny
0%
107 8 Vaux-Montreuil
0%
378 52 Vaux-sur-Blaise
0%
57 52 Vaux-sur-Saint-Urbain
0%
194 8 Vaux-Villaine
0%
536 55 Vavincourt
0%
161 51 Vavray-le-Grand
0%
64 51 Vavray-le-Petit
0%
87 54 Vaxainville
0%
466 88 Vaxoncourt
0%
169 57 Vaxy
0%
868 88 Vecoux
0%
523 52 Vecqueville
0%
111 54 Vého
0%
943 55 Velaines
0%
285 54 Velaine-sous-Amance
0%
62 52 Velles
0%
313 54 Velle-sur-Moselle
0%
149 55 Velosnes
0%
162 88 Velotte-et-Tatignécourt
0%
214 57 Velving
0%
212 51 Vélye
0%
489 8 Vendresse
0%
52 54 Veney
0%
47 54 Vennezey
0%
260 51 Ventelay
0%
535 51 Venteuil
0%
846 88 Ventron
0%
149 54 Verdenal
0%
204 51 Verdon
0%
89 51 Vernancourt
0%
858 51 Verneuil
0%
215 55 Verneuil-Grand
0%
118 55 Verneuil-Petit
0%
53 10 Vernonvilliers
0%
67 8 Verpel
0%
113 10 Verpillières-sur-Ource
0%
1895 10 Verrières
0%
394 51 Verrières
0%
33 8 Verrières
0%
109 52 Verseilles-le-Bas
0%
54 52 Verseilles-le-Haut
0%
290 51 Vert-Toulon
0%
136 88 Vervezelle
0%
90 55 Véry
0%
1047 51 Verzenay
0%
135 52 Vesaignes-sous-Lafauche
0%
104 52 Vesaignes-sur-Marne
0%
317 57 Vescheim
0%
233 51 Vésigneul-sur-Marne
0%
46 52 Vesvres-sous-Chalancey
0%
150 88 Vexaincourt
0%
139 10 Viâpres-le-Petit
0%
408 57 Vibersviller
0%
193 88 Vicherey
0%
156 52 Vicq
0%
299 8 Viel-Saint-Remy
0%
174 51 Vienne-la-Ville
0%
524 51 Vienne-le-Château
0%
127 88 Vienville
0%
309 8 Vieux-lès-Asfeld
0%
317 88 Vieux-Moulin
0%
2873 68 Vieux-Thann
0%
346 52 Viéville
0%
145 54 Viéville-en-Haye
0%
72 52 Vignes-la-Côte
0%
85 55 Vigneul-sous-Montmédy
0%
1319 55 Vignot
0%
151 54 Vilcey-sur-Trey
0%
367 54 Villacourt
0%
109 10 Villadin
0%
72 52 Villars-en-Azois
0%
79 52 Villars-Santenoge
0%
275 54 Ville-au-Montois
0%
195 54 Ville-au-Val
0%
345 54 Villecey-sur-Mad
0%
969 10 Villechétif
0%
282 55 Villécloye
0%
33 55 Ville-devant-Belrain
0%
50 55 Ville-devant-Chaumont
0%
411 51 Ville-Dommange
0%
146 52 Ville-en-Blaisois
0%
333 51 Ville-en-Selve
0%
599 54 Ville-en-Vermois
0%
124 55 Ville-en-Woëvre
0%
695 54 Ville-Houdlémont
0%
130 10 Villeloup
0%
247 10 Villemereuil
0%
213 10 Villemoiron-en-Othe
0%
208 10 Villemorien
0%
752 10 Villemoyenne
0%
187 10 Villeneuve-au-Chemin
0%
284 51 Villeneuve-la-Lionne
0%
337 51 Villeneuve-Renneville-Chevigny
0%
126 51 Villeneuve-Saint-Vistre-et-Villevotte
0%
65 10 Villeret
0%
54 55 Villeroy-sur-Méholle
0%
948 51 Villers-Allerand
0%
335 51 Villers-aux-Bois
0%
275 51 Villers-aux-Nœuds
0%
134 55 Villers-aux-Vents
0%
52 55 Villers-devant-Dun
0%
425 8 Villers-devant-le-Thour
0%
109 8 Villers-devant-Mouzon
0%
237 51 Villers-en-Argonne
0%
165 54 Villers-en-Haye
0%
311 51 Villers-Franqueux
0%
1569 54 Villers-la-Montagne
0%
290 51 Villers-le-Château
0%
122 54 Villers-le-Rond
0%
126 55 Villers-le-Sec
0%
109 51 Villers-le-Sec
0%
79 55 Villers-lès-Mangiennes
0%
142 54 Villers-lès-Moivrons
0%
241 8 Villers-le-Tilleul
0%
205 8 Villers-le-Tourneur
0%
550 51 Villers-Marmery
0%
3653 8 Villers-Semeuse
0%
80 55 Villers-sous-Pareid
0%
340 54 Villers-sous-Prény
0%
217 57 Villers-Stoncourt
0%
258 8 Villers-sur-Bar
0%
106 8 Villers-sur-le-Mont
0%
304 55 Villers-sur-Meuse
0%
85 57 Villers-sur-Nied
0%
273 10 Villery
0%
210 51 Villeseneux
0%
919 10 Ville-sous-la-Ferté
0%
207 10 Ville-sur-Arce
0%
144 55 Ville-sur-Cousances
0%
544 88 Ville-sur-Illon
0%
79 8 Ville-sur-Retourne
0%
282 55 Ville-sur-Saulx
0%
104 10 Ville-sur-Terre
0%
307 54 Ville-sur-Yron
0%
186 54 Villette
0%
252 10 Villette-sur-Aube
0%
202 51 Villevenard
0%
428 54 Villey-le-Sec
0%
1043 54 Villey-Saint-Étienne
0%
114 51 Villiers-aux-Corneilles
0%
1514 52 Villiers-en-Lieu
0%
86 10 Villiers-Herbisse
0%
103 10 Villiers-le-Bois
0%
46 52 Villiers-lès-Aprey
0%
734 52 Villiers-le-Sec
0%
72 10 Villiers-sous-Praslin
0%
268 52 Villiers-sur-Suize
0%
513 57 Villing
0%
109 88 Villoncourt
0%
149 88 Villotte
0%
170 55 Villotte-devant-Louppy
0%
219 55 Villotte-sur-Aire
0%
89 88 Villouxel
0%
261 10 Villy-en-Trodes
0%
58 10 Villy-le-Bois
0%
194 10 Villy-le-Maréchal
0%
240 55 Vilosnes-Haraumont
0%
251 88 Viménil
0%
554 51 Vinay
0%
326 51 Vincelles
0%
2190 88 Vincey
0%
111 51 Vindey
0%
181 10 Vinets
0%
169 88 Viocourt
0%
67 52 Violot
0%
156 88 Vioménil
0%
501 54 Virecourt
0%
1994 8 Vireux-Wallerand
0%
610 10 Virey-sous-Bar
0%
85 51 Virginy
0%
299 57 Virming
0%
752 54 Viterne
0%
193 54 Vitrey
0%
402 54 Vitrimont
0%
21 52 Vitry-en-Montagne
0%
850 51 Vitry-en-Perthois
0%
392 51 Vitry-la-Ville
0%
224 10 Vitry-le-Croisé
0%
214 52 Vitry-lès-Nogent
0%
90 55 Vittarville
0%
350 57 Vittersbourg
0%
389 57 Vittoncourt
0%
132 54 Vittonville
0%
53 52 Vivey
0%
2984 8 Vivier-au-Court
0%
200 88 Viviers-le-Gras
0%
34 88 Viviers-lès-Offroicourt
0%
126 10 Viviers-sur-Artaut
0%
679 54 Viviers-sur-Chiers
0%
488 68 Vœgtlinshoffen
0%
162 57 Vœlfling-lès-Bouzonville
0%
438 67 Vœllerdingen
0%
647 68 Vogelgrun
0%
150 10 Voigny
0%
48 51 Voilemont
0%
525 52 Voillecomte
0%
257 57 Voimhaut
0%
344 54 Voinémont
0%
279 52 Voisey
0%
109 52 Voisines
0%
2720 68 Volgelsheim
0%
353 67 Volksberg
0%
579 57 Volmerange-lès-Boulay
0%
255 88 Vomécourt
0%
72 88 Vomécourt-sur-Madon
0%
16 52 Voncourt
0%
218 8 Voncq
0%
232 10 Vosnon
0%
57 51 Vouarces
0%
213 52 Vouécourt
0%
44 10 Vougrey
0%
260 51 Vouillers
0%
45 55 Vouthon-Bas
0%
89 55 Vouthon-Haut
0%
165 88 Vouxey
0%
93 52 Vraincourt
0%
356 88 Vrécourt
0%
3608 8 Vrigne aux Bois
0%
337 8 Vrigne-Meuse
0%
252 51 Vrigny
0%
104 51 Vroil
0%
265 54 Vroncourt
0%
27 52 Vroncourt-la-Côte
0%
133 88 Vroville
0%
229 10 Vulaines
0%
462 8 Wadelincourt
0%
125 8 Wagnon
0%
607 67 Wahlenheim
0%
954 68 Walbach
0%
1186 67 Walbourg
0%
127 67 Waldersbach
0%
647 67 Waldhambach
0%
396 57 Waldhouse
0%
571 67 Waldolwisheim
0%
515 57 Waldweistroff
0%
823 57 Waldwisse
0%
903 68 Walheim
0%
420 57 Walschbronn
0%
1538 57 Walscheid
0%
529 68 Waltenheim
0%
677 67 Waltenheim-sur-Zorn
0%
59 55 Waly
0%
1353 67 Wangenbourg-Engenthal
0%
49 51 Wargemoulin-Hurlus
0%
396 8 Warnécourt
0%
319 8 Wasigny
0%
486 68 Wasserbourg
0%
101 55 Watronville
0%
440 54 Waville
0%
53 55 Wavrille
0%
677 68 Weckolsheim
0%
323 68 Wegscheid
0%
462 67 Weinbourg
0%
556 67 Weislingen
0%
2774 67 Weitbruch
0%
529 67 Weiterswiller
0%
621 68 Werentzhouse
0%
1021 68 Westhalten
0%
1677 67 Westhoffen
0%
356 67 Westhouse-Marmoutier
0%
1840 68 Wettolsheim
0%
727 68 Wickerschwihr
0%
389 67 Wickersheim-Wilshausen
0%
1216 68 Widensolen
0%
942 57 Wiesviller
0%
57 8 Wignicourt
0%
1267 68 Wihr-au-Val
0%
165 68 Wildenstein
0%
290 67 Wildersbach
0%
316 68 Willer
0%
107 55 Willeroncourt
0%
1816 68 Willer-sur-Thur
0%
1570 57 Willerwald
0%
1098 67 Willgottheim
0%
43 8 Williers
0%
738 67 Wilwisheim
0%
1076 67 Wimmenau
0%
164 67 Windstein
0%
455 67 Wingen
0%
1605 67 Wingen-sur-Moder
0%
2378 67 Wingersheim les Quatre Bans
0%
876 67 Wintershouse
0%
534 67 Wintzenbach
0%
520 67 Wintzenheim-Kochersberg
0%
2106 67 Wisches
0%
431 88 Wisembach
0%
90 55 Wiseppe
0%
507 67 Witternheim
0%
815 68 Wittersdorf
0%
696 67 Wittersheim
0%
2097 67 Wittisheim
0%
887 67 Wiwersheim
0%
208 55 Woël
0%
736 57 Wœlfling-lès-Sarreguemines
0%
1740 67 Wœrth
0%
128 55 Woimbey
0%
377 68 Wolfersdorf
0%
1120 68 Wolfgantzen
0%
360 67 Wolfskirchen
0%
321 67 Wolschheim
0%
450 68 Wolschwiller
0%
980 67 Wolxheim
0%
798 68 Wuenheim
0%
142 88 Xaffévillers
0%
167 54 Xammes
0%
157 88 Xamontarupt
0%
110 57 Xanrey
0%
115 88 Xaronval
0%
570 54 Xermaménil
0%
2635 88 Xertigny
0%
976 54 Xeuilley
0%
446 54 Xirocourt
0%
114 55 Xivray-et-Marvoisin
0%
277 54 Xivry-Circourt
0%
99 57 Xocourt
0%
1532 88 Xonrupt-Longemer
0%
109 54 Xonville
0%
126 54 Xousse
0%
63 10 Yèvres-le-Petit
0%
94 8 Yoncq
0%
122 8 Yvernaumont
0%
251 67 Zehnacker
0%
213 67 Zeinheim
0%
327 68 Zellenberg
0%
819 67 Zellwiller
0%
874 57 Zetting
0%
856 68 Zimmerbach
0%
710 57 Zimming
0%
81 88 Zincourt
0%
750 67 Zinswiller
0%
255 67 Zittersheim
0%
Aucun quiz correspondant
Distribution des résultats
% des personnes avec chaque résultat
Percentile par nombre de réponses
Votre historique - résultats
Vous n’avez pas pris ce quiz